{"text_format":"1","workbook":"xlsx","n_sheets":3,"sheets":["취합원가표","집계자동화","그래프자동화"],"not_rendered":{"charts":3,"images":0,"macros":1,"external_links":0,"defined_names":0,"comments":0,"pivot_tables":0},"unopened":[],"bounds":{"document_bytes":16777216,"sheet_cells":100000,"rows_first":2000,"rows_last":500,"rows_between":2000,"halvings":0,"cell_chars":16384,"cell_head_chars":4096},"cells_cut":0,"cells_raw":0,"read":"whole","date_system":"1900"}

{"sheet":"취합원가표","index":0,"n_rows":1001,"n_cols":15,"rows_kept":1001,"cut":false,"hidden":false,"merged":[]}
["대분류","중분류","소분류","코드","자재명","규격","단위","수량","단가","금액","공급업체명","납기일","비고","작성자","작성일"]
["건축","골조공사","골조공사 부분작업","건-0001","철근D13","Type-B","kg",395,277000,109415000,"한솔건자재","2026-05-20",null,"건축공사팀 담당","2026-04-25"]
["건축","마감공사","마감공사 부분작업","건-0002","석고보드","KS표준","kg",497,664000,330008000,"KCC자재","2026-06-22",null,"건축공사팀 담당","2026-04-25"]
["건축","마감공사","마감공사 부분작업","건-0003","석고보드","KS표준","set",47,489000,22983000,"한일건설자재","2026-06-21",null,"건축공사팀 담당","2026-04-25"]
["건축","마감공사","마감공사 부분작업","건-0004","페인트","150A","식",453,509000,230577000,"(주)대한건설자재","2026-05-17",null,"건축공사팀 담당","2026-04-25"]
["건축","골조공사","골조공사 부분작업","건-0005","철근D13","중형","개",34,358000,12172000,"삼성설비상사","2026-07-01",null,"건축공사팀 담당","2026-04-25"]
["건축","마감공사","마감공사 부분작업","건-0006","합지","150A","set",245,45000,11025000,"태양건설","2026-07-14",null,"건축공사팀 담당","2026-04-25"]
["건축","마감공사","마감공사 부분작업","건-0007","페인트","고급형","m3",380,545000,207100000,"(주)대한건설자재","2026-06-16",null,"건축공사팀 담당","2026-04-25"]
["건축","마감공사","마감공사 부분작업","건-0008","페인트","대형","set",306,105000,32130000,"SK에너지자재","2026-05-08",null,"건축공사팀 담당","2026-04-25"]
["건축","마감공사","마감공사 부분작업","건-0009","타일","일반형","kg",67,678000,45426000,"한일건설자재","2026-06-28",null,"건축공사팀 담당","2026-04-25"]
["건축","조적공사","조적공사 부분작업","건-0010","ALC블록","100x100","ton",125,699000,87375000,"현대자재유통","2026-05-03",null,"건축공사팀 담당","2026-04-25"]
["건축","마감공사","마감공사 부분작업","건-0011","타일","KS표준","개",426,494000,210444000,"대성종합건자재","2026-07-04",null,"건축공사팀 담당","2026-04-25"]
["건축","마감공사","마감공사 부분작업","건-0012","타일","고급형","ton",280,343000,96040000,"현대자재유통","2026-07-11",null,"건축공사팀 담당","2026-04-25"]
["건축","골조공사","골조공사 부분작업","건-0013","레미콘","100x100","m3",263,767000,201721000,"KCC자재","2026-06-22",null,"건축공사팀 담당","2026-04-25"]
["건축","마감공사","마감공사 부분작업","건-0014","바닥재","일반형","m",279,926000,258354000,"삼성설비상사","2026-07-20",null,"건축공사팀 담당","2026-04-25"]
["건축","마감공사","마감공사 부분작업","건-0015","페인트","Type-B","kg",341,249000,84909000,"삼성설비상사","2026-05-27",null,"건축공사팀 담당","2026-04-25"]
["건축","마감공사","마감공사 부분작업","건-0016","페인트","100x100","ton",112,307000,34384000,"현대자재유통","2026-06-04",null,"건축공사팀 담당","2026-04-25"]
["건축","골조공사","골조공사 부분작업","건-0017","철근D13","KS표준","개",303,584000,176952000,"대성종합건자재","2026-06-13",null,"건축공사팀 담당","2026-04-25"]
["건축","마감공사","마감공사 부분작업","건-0018","페인트","고급형","set",341,71000,24211000,"삼성설비상사","2026-05-14",null,"건축공사팀 담당","2026-04-25"]
["건축","미장공사","미장공사 부분작업","건-0019","시멘트","중형","kg",361,291000,105051000,"현대자재유통","2026-06-01",null,"건축공사팀 담당","2026-04-25"]
["건축","마감공사","마감공사 부분작업","건-0020","석고보드","대형","kg",5,598000,2990000,"SK에너지자재","2026-07-21",null,"건축공사팀 담당","2026-04-25"]
["건축","조적공사","조적공사 부분작업","건-0021","시멘트벽돌","100x100","m2",198,211000,41778000,"SK에너지자재","2026-05-11",null,"건축공사팀 담당","2026-04-25"]
["건축","골조공사","골조공사 부분작업","건-0022","철근D16","Type-B","set",229,345000,79005000,"태양건설","2026-06-08",null,"건축공사팀 담당","2026-04-25"]
["건축","미장공사","미장공사 부분작업","건-0023","시멘트","중형","식",381,346000,131826000,"태양건설","2026-07-23",null,"건축공사팀 담당","2026-04-25"]
["건축","골조공사","골조공사 부분작업","건-0024","레미콘","Type-A","kg",287,718000,206066000,"한일건설자재","2026-06-07",null,"건축공사팀 담당","2026-04-25"]
["건축","마감공사","마감공사 부분작업","건-0025","석고보드","D300","m",1,785000,785000,"KCC자재","2026-06-10",null,"건축공사팀 담당","2026-04-25"]
["건축","조적공사","조적공사 부분작업","건-0026","적벽돌","D300","m3",249,283000,70467000,"정원건설","2026-06-19",null,"건축공사팀 담당","2026-04-25"]
["건축","미장공사","미장공사 부분작업","건-0027","미장모래","일반형","m2",65,677000,44005000,"삼성설비상사","2026-06-12",null,"건축공사팀 담당","2026-04-25"]
["건축","골조공사","골조공사 부분작업","건-0028","철근D13","Type-B","ton",27,523000,14121000,"한일건설자재","2026-06-18",null,"건축공사팀 담당","2026-04-25"]
["건축","조적공사","조적공사 부분작업","건-0029","적벽돌","대형","식",151,355000,53605000,"대성종합건자재","2026-07-04",null,"건축공사팀 담당","2026-04-25"]
["건축","마감공사","마감공사 부분작업","건-0030","타일","100x100","m",426,61000,25986000,"대성종합건자재","2026-06-28",null,"건축공사팀 담당","2026-04-25"]
["건축","미장공사","미장공사 부분작업","건-0031","시멘트","고급형","개",247,101000,24947000,"SK에너지자재","2026-07-01",null,"건축공사팀 담당","2026-04-25"]
["건축","미장공사","미장공사 부분작업","건-0032","시멘트","대형","set",169,519000,87711000,"대성종합건자재","2026-06-23",null,"건축공사팀 담당","2026-04-25"]
["건축","마감공사","마감공사 부분작업","건-0033","석고보드","KS표준","ton",400,271000,108400000,"삼성설비상사","2026-07-07",null,"건축공사팀 담당","2026-04-25"]
["건축","조적공사","조적공사 부분작업","건-0034","적벽돌","Type-B","ton",57,878000,50046000,"태양건설","2026-06-27",null,"건축공사팀 담당","2026-04-25"]
["건축","마감공사","마감공사 부분작업","건-0035","바닥재","KS표준","m2",430,520000,223600000,"(주)대한건설자재","2026-06-12",null,"건축공사팀 담당","2026-04-25"]
["건축","마감공사","마감공사 부분작업","건-0036","석고보드","Type-B","kg",410,530000,217300000,"대성종합건자재","2026-05-29",null,"건축공사팀 담당","2026-04-25"]
["건축","마감공사","마감공사 부분작업","건-0037","타일","100x100","set",22,356000,7832000,"한솔건자재","2026-07-21",null,"건축공사팀 담당","2026-04-25"]
["건축","마감공사","마감공사 부분작업","건-0038","바닥재","중형","개",270,174000,46980000,"태양건설","2026-07-01",null,"건축공사팀 담당","2026-04-25"]
["건축","마감공사","마감공사 부분작업","건-0039","합지","대형","m3",261,937000,244557000,"KCC자재","2026-06-01",null,"건축공사팀 담당","2026-04-25"]
["건축","미장공사","미장공사 부분작업","건-0040","미장모래","KS표준","개",116,532000,61712000,"정원건설","2026-06-18",null,"건축공사팀 담당","2026-04-25"]
["건축","골조공사","골조공사 부분작업","건-0041","철근D13","대형","ton",216,712000,153792000,"태양건설","2026-05-20",null,"건축공사팀 담당","2026-04-25"]
["건축","골조공사","골조공사 부분작업","건-0042","레미콘","D300","개",299,45000,13455000,"정원건설","2026-07-13",null,"건축공사팀 담당","2026-04-25"]
["건축","조적공사","조적공사 부분작업","건-0043","ALC블록","D300","set",92,847000,77924000,"한솔건자재","2026-06-24",null,"건축공사팀 담당","2026-04-25"]
["건축","골조공사","골조공사 부분작업","건-0044","레미콘","대형","m3",132,845000,111540000,"KCC자재","2026-07-03",null,"건축공사팀 담당","2026-04-25"]
["건축","조적공사","조적공사 부분작업","건-0045","ALC블록","100x100","m",308,428000,131824000,"삼성설비상사","2026-05-18",null,"건축공사팀 담당","2026-04-25"]
["건축","골조공사","골조공사 부분작업","건-0046","철근D16","Type-B","m2",371,768000,284928000,"KCC자재","2026-07-07",null,"건축공사팀 담당","2026-04-25"]
["건축","골조공사","골조공사 부분작업","건-0047","합판거푸집","Type-A","set",343,21000,7203000,"SK에너지자재","2026-05-17",null,"건축공사팀 담당","2026-04-25"]
["건축","마감공사","마감공사 부분작업","건-0048","석고보드","100x100","m",314,110000,34540000,"정원건설","2026-05-04",null,"건축공사팀 담당","2026-04-25"]
["건축","조적공사","조적공사 부분작업","건-0049","시멘트벽돌","KS표준","ton",24,649000,15576000,"삼성설비상사","2026-06-30",null,"건축공사팀 담당","2026-04-25"]
["건축","미장공사","미장공사 부분작업","건-0050","방수몰탈","150A","개",71,307000,21797000,"한솔건자재","2026-06-03",null,"건축공사팀 담당","2026-04-25"]
["건축","조적공사","조적공사 부분작업","건-0051","ALC블록","중형","개",474,823000,390102000,"(주)대한건설자재","2026-07-11",null,"건축공사팀 담당","2026-04-25"]
["건축","마감공사","마감공사 부분작업","건-0052","바닥재","D300","식",201,943000,189543000,"한일건설자재","2026-05-11",null,"건축공사팀 담당","2026-04-25"]
["건축","미장공사","미장공사 부분작업","건-0053","미장모래","중형","m",317,525000,166425000,"KCC자재","2026-07-16",null,"건축공사팀 담당","2026-04-25"]
["건축","골조공사","골조공사 부분작업","건-0054","합판거푸집","KS표준","개",140,328000,45920000,"(주)대한건설자재","2026-05-12",null,"건축공사팀 담당","2026-04-25"]
["건축","미장공사","미장공사 부분작업","건-0055","미장모래","150A","m",74,914000,67636000,"(주)대한건설자재","2026-06-09",null,"건축공사팀 담당","2026-04-25"]
["건축","조적공사","조적공사 부분작업","건-0056","시멘트벽돌","KS표준","ton",384,561000,215424000,"SK에너지자재","2026-05-08",null,"건축공사팀 담당","2026-04-25"]
["건축","미장공사","미장공사 부분작업","건-0057","방수몰탈","Type-B","m2",47,593000,27871000,"KCC자재","2026-07-06",null,"건축공사팀 담당","2026-04-25"]
["건축","골조공사","골조공사 부분작업","건-0058","레미콘","일반형","kg",463,37000,17131000,"한일건설자재","2026-06-24",null,"건축공사팀 담당","2026-04-25"]
["건축","마감공사","마감공사 부분작업","건-0059","페인트","고급형","kg",452,221000,99892000,"정원건설","2026-05-22",null,"건축공사팀 담당","2026-04-25"]
["건축","마감공사","마감공사 부분작업","건-0060","바닥재","대형","m",125,516000,64500000,"현대자재유통","2026-06-04",null,"건축공사팀 담당","2026-04-25"]
["건축","마감공사","마감공사 부분작업","건-0061","바닥재","대형","식",218,585000,127530000,"(주)대한건설자재","2026-06-06",null,"건축공사팀 담당","2026-04-25"]
["건축","조적공사","조적공사 부분작업","건-0062","ALC블록","일반형","개",414,305000,126270000,"한일건설자재","2026-05-29",null,"건축공사팀 담당","2026-04-25"]
["건축","미장공사","미장공사 부분작업","건-0063","시멘트","고급형","개",443,556000,246308000,"현대자재유통","2026-07-12",null,"건축공사팀 담당","2026-04-25"]
["건축","미장공사","미장공사 부분작업","건-0064","방수몰탈","중형","m",331,405000,134055000,"한일건설자재","2026-05-03",null,"건축공사팀 담당","2026-04-25"]
["건축","미장공사","미장공사 부분작업","건-0065","방수몰탈","일반형","개",46,921000,42366000,"삼성설비상사","2026-05-16",null,"건축공사팀 담당","2026-04-25"]
["건축","골조공사","골조공사 부분작업","건-0066","합판거푸집","100x100","식",202,872000,176144000,"대성종합건자재","2026-05-26",null,"건축공사팀 담당","2026-04-25"]
["건축","미장공사","미장공사 부분작업","건-0067","시멘트","고급형","m3",21,135000,2835000,"한일건설자재","2026-05-27",null,"건축공사팀 담당","2026-04-25"]
["건축","골조공사","골조공사 부분작업","건-0068","합판거푸집","일반형","kg",363,689000,250107000,"KCC자재","2026-06-10",null,"건축공사팀 담당","2026-04-25"]
["건축","마감공사","마감공사 부분작업","건-0069","석고보드","Type-A","ton",195,425000,82875000,"삼성설비상사","2026-07-06",null,"건축공사팀 담당","2026-04-25"]
["건축","조적공사","조적공사 부분작업","건-0070","시멘트벽돌","100x100","식",338,522000,176436000,"대성종합건자재","2026-07-06",null,"건축공사팀 담당","2026-04-25"]
["건축","미장공사","미장공사 부분작업","건-0071","미장모래","D300","개",383,919000,351977000,"정원건설","2026-07-05",null,"건축공사팀 담당","2026-04-25"]
["건축","미장공사","미장공사 부분작업","건-0072","시멘트","Type-A","개",466,410000,191060000,"대성종합건자재","2026-05-05",null,"건축공사팀 담당","2026-04-25"]
["건축","조적공사","조적공사 부분작업","건-0073","ALC블록","150A","m3",343,279000,95697000,"정원건설","2026-07-07",null,"건축공사팀 담당","2026-04-25"]
["건축","마감공사","마감공사 부분작업","건-0074","석고보드","고급형","식",429,872000,374088000,"태양건설","2026-05-12",null,"건축공사팀 담당","2026-04-25"]
["건축","골조공사","골조공사 부분작업","건-0075","철근D13","대형","ton",285,701000,199785000,"KCC자재","2026-07-07",null,"건축공사팀 담당","2026-04-25"]
["건축","조적공사","조적공사 부분작업","건-0076","ALC블록","대형","kg",481,234000,112554000,"한솔건자재","2026-05-03",null,"건축공사팀 담당","2026-04-25"]
["건축","골조공사","골조공사 부분작업","건-0077","레미콘","고급형","m",294,861000,253134000,"현대자재유통","2026-07-19",null,"건축공사팀 담당","2026-04-25"]
["건축","조적공사","조적공사 부분작업","건-0078","ALC블록","중형","set",365,230000,83950000,"정원건설","2026-05-27",null,"건축공사팀 담당","2026-04-25"]
["건축","조적공사","조적공사 부분작업","건-0079","적벽돌","고급형","식",416,288000,119808000,"대성종합건자재","2026-07-05",null,"건축공사팀 담당","2026-04-25"]
["건축","골조공사","골조공사 부분작업","건-0080","철근D16","중형","m",155,132000,20460000,"한솔건자재","2026-05-11",null,"건축공사팀 담당","2026-04-25"]
["건축","골조공사","골조공사 부분작업","건-0081","합판거푸집","KS표준","m3",355,348000,123540000,"한일건설자재","2026-07-03",null,"건축공사팀 담당","2026-04-25"]
["건축","미장공사","미장공사 부분작업","건-0082","시멘트","Type-A","ton",493,795000,391935000,"(주)대한건설자재","2026-06-21",null,"건축공사팀 담당","2026-04-25"]
["건축","미장공사","미장공사 부분작업","건-0083","방수몰탈","일반형","m3",420,127000,53340000,"현대자재유통","2026-06-17",null,"건축공사팀 담당","2026-04-25"]
["건축","조적공사","조적공사 부분작업","건-0084","적벽돌","Type-A","m2",46,831000,38226000,"태양건설","2026-06-14",null,"건축공사팀 담당","2026-04-25"]
["건축","미장공사","미장공사 부분작업","건-0085","방수몰탈","대형","m3",167,290000,48430000,"한일건설자재","2026-06-24",null,"건축공사팀 담당","2026-04-25"]
["건축","미장공사","미장공사 부분작업","건-0086","시멘트","KS표준","ton",388,226000,87688000,"KCC자재","2026-07-14",null,"건축공사팀 담당","2026-04-25"]
["건축","골조공사","골조공사 부분작업","건-0087","철근D16","중형","식",171,211000,36081000,"삼성설비상사","2026-07-12",null,"건축공사팀 담당","2026-04-25"]
["건축","조적공사","조적공사 부분작업","건-0088","ALC블록","KS표준","m",378,87000,32886000,"태양건설","2026-05-24",null,"건축공사팀 담당","2026-04-25"]
["건축","마감공사","마감공사 부분작업","건-0089","페인트","KS표준","m2",434,508000,220472000,"삼성설비상사","2026-05-19",null,"건축공사팀 담당","2026-04-25"]
["건축","골조공사","골조공사 부분작업","건-0090","합판거푸집","Type-B","ton",246,986000,242556000,"KCC자재","2026-06-15",null,"건축공사팀 담당","2026-04-25"]
["건축","미장공사","미장공사 부분작업","건-0091","시멘트","150A","set",30,985000,29550000,"현대자재유통","2026-05-25",null,"건축공사팀 담당","2026-04-25"]
["건축","골조공사","골조공사 부분작업","건-0092","철근D13","중형","set",213,266000,56658000,"한솔건자재","2026-06-30",null,"건축공사팀 담당","2026-04-25"]
["건축","조적공사","조적공사 부분작업","건-0093","시멘트벽돌","대형","kg",234,402000,94068000,"(주)대한건설자재","2026-06-17",null,"건축공사팀 담당","2026-04-25"]
["건축","미장공사","미장공사 부분작업","건-0094","시멘트","Type-B","ton",195,75000,14625000,"SK에너지자재","2026-05-02",null,"건축공사팀 담당","2026-04-25"]
["건축","조적공사","조적공사 부분작업","건-0095","ALC블록","대형","개",354,739000,261606000,"삼성설비상사","2026-05-03",null,"건축공사팀 담당","2026-04-25"]
["건축","조적공사","조적공사 부분작업","건-0096","시멘트벽돌","100x100","kg",468,272000,127296000,"KCC자재","2026-07-08",null,"건축공사팀 담당","2026-04-25"]
["건축","골조공사","골조공사 부분작업","건-0097","철근D10","고급형","개",398,992000,394816000,"(주)대한건설자재","2026-05-17",null,"건축공사팀 담당","2026-04-25"]
["건축","마감공사","마감공사 부분작업","건-0098","석고보드","고급형","m2",208,986000,205088000,"한솔건자재","2026-05-22",null,"건축공사팀 담당","2026-04-25"]
["건축","미장공사","미장공사 부분작업","건-0099","시멘트","D300","개",267,828000,221076000,"(주)대한건설자재","2026-05-21",null,"건축공사팀 담당","2026-04-25"]
["건축","골조공사","골조공사 부분작업","건-0100","합판거푸집","일반형","set",167,217000,36239000,"태양건설","2026-06-22",null,"건축공사팀 담당","2026-04-25"]
["건축","마감공사","마감공사 부분작업","건-0101","바닥재","100x100","m",422,249000,105078000,"삼성설비상사","2026-06-17",null,"건축공사팀 담당","2026-04-25"]
["건축","미장공사","미장공사 부분작업","건-0102","시멘트","Type-B","set",356,713000,253828000,"태양건설","2026-07-09",null,"건축공사팀 담당","2026-04-25"]
["건축","마감공사","마감공사 부분작업","건-0103","석고보드","KS표준","m",415,685000,284275000,"삼성설비상사","2026-06-07",null,"건축공사팀 담당","2026-04-25"]
["건축","마감공사","마감공사 부분작업","건-0104","바닥재","D300","식",7,77000,539000,"한솔건자재","2026-06-09",null,"건축공사팀 담당","2026-04-25"]
["건축","조적공사","조적공사 부분작업","건-0105","ALC블록","150A","식",30,607000,18210000,"SK에너지자재","2026-06-07",null,"건축공사팀 담당","2026-04-25"]
["건축","마감공사","마감공사 부분작업","건-0106","바닥재","Type-B","set",225,116000,26100000,"한일건설자재","2026-06-08",null,"건축공사팀 담당","2026-04-25"]
["건축","골조공사","골조공사 부분작업","건-0107","철근D13","Type-A","m3",51,261000,13311000,"KCC자재","2026-05-09",null,"건축공사팀 담당","2026-04-25"]
["건축","조적공사","조적공사 부분작업","건-0108","시멘트벽돌","고급형","kg",144,576000,82944000,"한일건설자재","2026-05-17",null,"건축공사팀 담당","2026-04-25"]
["건축","마감공사","마감공사 부분작업","건-0109","페인트","Type-A","m",1,950000,950000,"KCC자재","2026-07-22",null,"건축공사팀 담당","2026-04-25"]
["건축","미장공사","미장공사 부분작업","건-0110","방수몰탈","Type-A","set",425,281000,119425000,"정원건설","2026-07-22",null,"건축공사팀 담당","2026-04-25"]
["건축","미장공사","미장공사 부분작업","건-0111","미장모래","고급형","kg",337,349000,117613000,"SK에너지자재","2026-07-18",null,"건축공사팀 담당","2026-04-25"]
["건축","미장공사","미장공사 부분작업","건-0112","미장모래","150A","m3",212,549000,116388000,"현대자재유통","2026-07-06",null,"건축공사팀 담당","2026-04-25"]
["건축","미장공사","미장공사 부분작업","건-0113","미장모래","150A","m3",207,212000,43884000,"대성종합건자재","2026-06-21",null,"건축공사팀 담당","2026-04-25"]
["건축","조적공사","조적공사 부분작업","건-0114","시멘트벽돌","Type-B","m2",132,844000,111408000,"삼성설비상사","2026-05-18",null,"건축공사팀 담당","2026-04-25"]
["건축","골조공사","골조공사 부분작업","건-0115","철근D10","Type-B","kg",255,693000,176715000,"한일건설자재","2026-05-29",null,"건축공사팀 담당","2026-04-25"]
["건축","마감공사","마감공사 부분작업","건-0116","페인트","Type-B","m2",390,197000,76830000,"한일건설자재","2026-07-13",null,"건축공사팀 담당","2026-04-25"]
["건축","골조공사","골조공사 부분작업","건-0117","철근D16","KS표준","ton",484,454000,219736000,"한일건설자재","2026-05-23",null,"건축공사팀 담당","2026-04-25"]
["건축","조적공사","조적공사 부분작업","건-0118","적벽돌","150A","m",132,935000,123420000,"태양건설","2026-07-04",null,"건축공사팀 담당","2026-04-25"]
["건축","마감공사","마감공사 부분작업","건-0119","석고보드","D300","ton",87,381000,33147000,"삼성설비상사","2026-06-23",null,"건축공사팀 담당","2026-04-25"]
["건축","마감공사","마감공사 부분작업","건-0120","바닥재","대형","식",253,63000,15939000,"한솔건자재","2026-05-18",null,"건축공사팀 담당","2026-04-25"]
["건축","골조공사","골조공사 부분작업","건-0121","합판거푸집","고급형","개",112,42000,4704000,"삼성설비상사","2026-05-06",null,"건축공사팀 담당","2026-04-25"]
["건축","골조공사","골조공사 부분작업","건-0122","철근D16","D300","개",115,257000,29555000,"(주)대한건설자재","2026-06-22",null,"건축공사팀 담당","2026-04-25"]
["건축","마감공사","마감공사 부분작업","건-0123","석고보드","중형","kg",66,335000,22110000,"KCC자재","2026-05-13",null,"건축공사팀 담당","2026-04-25"]
["건축","마감공사","마감공사 부분작업","건-0124","석고보드","고급형","set",239,927000,221553000,"KCC자재","2026-05-02",null,"건축공사팀 담당","2026-04-25"]
["건축","조적공사","조적공사 부분작업","건-0125","적벽돌","일반형","개",16,606000,9696000,"한일건설자재","2026-05-29",null,"건축공사팀 담당","2026-04-25"]
["건축","골조공사","골조공사 부분작업","건-0126","철근D13","중형","개",337,224000,75488000,"대성종합건자재","2026-07-13",null,"건축공사팀 담당","2026-04-25"]
["건축","조적공사","조적공사 부분작업","건-0127","적벽돌","Type-B","m3",25,15000,375000,"(주)대한건설자재","2026-06-14",null,"건축공사팀 담당","2026-04-25"]
["건축","마감공사","마감공사 부분작업","건-0128","석고보드","150A","ton",486,243000,118098000,"한일건설자재","2026-06-29",null,"건축공사팀 담당","2026-04-25"]
["건축","미장공사","미장공사 부분작업","건-0129","시멘트","Type-A","set",432,18000,7776000,"한일건설자재","2026-06-12",null,"건축공사팀 담당","2026-04-25"]
["건축","미장공사","미장공사 부분작업","건-0130","미장모래","Type-B","개",371,642000,238182000,"대성종합건자재","2026-06-29",null,"건축공사팀 담당","2026-04-25"]
["건축","골조공사","골조공사 부분작업","건-0131","레미콘","100x100","개",196,193000,37828000,"정원건설","2026-06-21",null,"건축공사팀 담당","2026-04-25"]
["건축","마감공사","마감공사 부분작업","건-0132","타일","Type-A","m",235,297000,69795000,"SK에너지자재","2026-06-11",null,"건축공사팀 담당","2026-04-25"]
["건축","마감공사","마감공사 부분작업","건-0133","페인트","일반형","set",393,447000,175671000,"(주)대한건설자재","2026-07-14",null,"건축공사팀 담당","2026-04-25"]
["건축","골조공사","골조공사 부분작업","건-0134","레미콘","100x100","m",463,948000,438924000,"KCC자재","2026-07-12",null,"건축공사팀 담당","2026-04-25"]
["건축","조적공사","조적공사 부분작업","건-0135","적벽돌","일반형","kg",79,452000,35708000,"SK에너지자재","2026-05-15",null,"건축공사팀 담당","2026-04-25"]
["건축","마감공사","마감공사 부분작업","건-0136","페인트","150A","set",236,320000,75520000,"(주)대한건설자재","2026-05-11",null,"건축공사팀 담당","2026-04-25"]
["건축","미장공사","미장공사 부분작업","건-0137","방수몰탈","D300","kg",471,494000,232674000,"정원건설","2026-05-12",null,"건축공사팀 담당","2026-04-25"]
["건축","골조공사","골조공사 부분작업","건-0138","철근D10","KS표준","m",18,588000,10584000,"태양건설","2026-05-23",null,"건축공사팀 담당","2026-04-25"]
["건축","미장공사","미장공사 부분작업","건-0139","방수몰탈","Type-B","개",317,572000,181324000,"SK에너지자재","2026-07-23",null,"건축공사팀 담당","2026-04-25"]
["건축","미장공사","미장공사 부분작업","건-0140","미장모래","KS표준","set",345,18000,6210000,"대성종합건자재","2026-06-08",null,"건축공사팀 담당","2026-04-25"]
["건축","골조공사","골조공사 부분작업","건-0141","레미콘","Type-B","m",139,931000,129409000,"정원건설","2026-07-07",null,"건축공사팀 담당","2026-04-25"]
["건축","미장공사","미장공사 부분작업","건-0142","시멘트","D300","set",50,953000,47650000,"현대자재유통","2026-05-15",null,"건축공사팀 담당","2026-04-25"]
["건축","조적공사","조적공사 부분작업","건-0143","ALC블록","100x100","kg",174,997000,173478000,"대성종합건자재","2026-07-03",null,"건축공사팀 담당","2026-04-25"]
["건축","미장공사","미장공사 부분작업","건-0144","미장모래","일반형","m2",134,954000,127836000,"대성종합건자재","2026-05-14",null,"건축공사팀 담당","2026-04-25"]
["건축","마감공사","마감공사 부분작업","건-0145","합지","일반형","set",274,351000,96174000,"정원건설","2026-05-14",null,"건축공사팀 담당","2026-04-25"]
["건축","골조공사","골조공사 부분작업","건-0146","철근D13","Type-A","개",480,369000,177120000,"한솔건자재","2026-06-22",null,"건축공사팀 담당","2026-04-25"]
["건축","골조공사","골조공사 부분작업","건-0147","합판거푸집","Type-B","ton",51,622000,31722000,"현대자재유통","2026-05-02",null,"건축공사팀 담당","2026-04-25"]
["건축","조적공사","조적공사 부분작업","건-0148","시멘트벽돌","KS표준","m3",327,516000,168732000,"한일건설자재","2026-06-18",null,"건축공사팀 담당","2026-04-25"]
["건축","조적공사","조적공사 부분작업","건-0149","시멘트벽돌","Type-B","ton",299,143000,42757000,"태양건설","2026-07-07",null,"건축공사팀 담당","2026-04-25"]
["건축","마감공사","마감공사 부분작업","건-0150","석고보드","일반형","ton",243,375000,91125000,"KCC자재","2026-07-15",null,"건축공사팀 담당","2026-04-25"]
["건축","미장공사","미장공사 부분작업","건-0151","미장모래","대형","ton",73,246000,17958000,"(주)대한건설자재","2026-05-14",null,"건축공사팀 담당","2026-04-25"]
["건축","조적공사","조적공사 부분작업","건-0152","적벽돌","고급형","m",145,380000,55100000,"대성종합건자재","2026-05-21",null,"건축공사팀 담당","2026-04-25"]
["건축","마감공사","마감공사 부분작업","건-0153","석고보드","Type-A","m3",93,696000,64728000,"(주)대한건설자재","2026-05-23",null,"건축공사팀 담당","2026-04-25"]
["건축","골조공사","골조공사 부분작업","건-0154","철근D16","Type-A","m",291,925000,269175000,"한일건설자재","2026-05-18",null,"건축공사팀 담당","2026-04-25"]
["건축","골조공사","골조공사 부분작업","건-0155","합판거푸집","150A","개",256,335000,85760000,"대성종합건자재","2026-07-11",null,"건축공사팀 담당","2026-04-25"]
["건축","골조공사","골조공사 부분작업","건-0156","철근D10","100x100","ton",363,346000,125598000,"한일건설자재","2026-05-13",null,"건축공사팀 담당","2026-04-25"]
["건축","마감공사","마감공사 부분작업","건-0157","타일","고급형","m3",185,289000,53465000,"KCC자재","2026-05-09",null,"건축공사팀 담당","2026-04-25"]
["건축","미장공사","미장공사 부분작업","건-0158","방수몰탈","대형","ton",286,723000,206778000,"한일건설자재","2026-07-13",null,"건축공사팀 담당","2026-04-25"]
["건축","골조공사","골조공사 부분작업","건-0159","철근D16","Type-B","ton",283,493000,139519000,"KCC자재","2026-05-27",null,"건축공사팀 담당","2026-04-25"]
["건축","골조공사","골조공사 부분작업","건-0160","레미콘","Type-B","ton",150,778000,116700000,"한일건설자재","2026-05-11",null,"건축공사팀 담당","2026-04-25"]
["건축","미장공사","미장공사 부분작업","건-0161","미장모래","Type-A","kg",193,974000,187982000,"한솔건자재","2026-05-18",null,"건축공사팀 담당","2026-04-25"]
["건축","미장공사","미장공사 부분작업","건-0162","시멘트","Type-A","kg",296,290000,85840000,"삼성설비상사","2026-06-27",null,"건축공사팀 담당","2026-04-25"]
["건축","미장공사","미장공사 부분작업","건-0163","시멘트","KS표준","m3",286,378000,108108000,"한일건설자재","2026-07-05",null,"건축공사팀 담당","2026-04-25"]
["건축","골조공사","골조공사 부분작업","건-0164","레미콘","100x100","ton",91,556000,50596000,"KCC자재","2026-07-11",null,"건축공사팀 담당","2026-04-25"]
["건축","미장공사","미장공사 부분작업","건-0165","시멘트","150A","개",332,793000,263276000,"대성종합건자재","2026-07-12",null,"건축공사팀 담당","2026-04-25"]
["건축","미장공사","미장공사 부분작업","건-0166","방수몰탈","대형","kg",60,959000,57540000,"KCC자재","2026-05-21",null,"건축공사팀 담당","2026-04-25"]
["건축","조적공사","조적공사 부분작업","건-0167","ALC블록","중형","kg",182,26000,4732000,"한일건설자재","2026-05-12",null,"건축공사팀 담당","2026-04-25"]
["건축","조적공사","조적공사 부분작업","건-0168","ALC블록","중형","ton",474,613000,290562000,"(주)대한건설자재","2026-07-14",null,"건축공사팀 담당","2026-04-25"]
["건축","미장공사","미장공사 부분작업","건-0169","시멘트","KS표준","set",329,237000,77973000,"(주)대한건설자재","2026-06-25",null,"건축공사팀 담당","2026-04-25"]
["건축","미장공사","미장공사 부분작업","건-0170","미장모래","Type-B","set",347,735000,255045000,"태양건설","2026-05-11",null,"건축공사팀 담당","2026-04-25"]
["건축","마감공사","마감공사 부분작업","건-0171","합지","KS표준","kg",425,10000,4250000,"대성종합건자재","2026-05-17",null,"건축공사팀 담당","2026-04-25"]
["건축","미장공사","미장공사 부분작업","건-0172","미장모래","Type-B","m2",44,345000,15180000,"정원건설","2026-07-05",null,"건축공사팀 담당","2026-04-25"]
["건축","마감공사","마감공사 부분작업","건-0173","바닥재","Type-A","m3",202,746000,150692000,"한일건설자재","2026-06-24",null,"건축공사팀 담당","2026-04-25"]
["건축","골조공사","골조공사 부분작업","건-0174","철근D16","고급형","kg",454,541000,245614000,"대성종합건자재","2026-05-20",null,"건축공사팀 담당","2026-04-25"]
["건축","미장공사","미장공사 부분작업","건-0175","시멘트","KS표준","ton",139,269000,37391000,"(주)대한건설자재","2026-07-18",null,"건축공사팀 담당","2026-04-25"]
["건축","조적공사","조적공사 부분작업","건-0176","ALC블록","고급형","ton",78,625000,48750000,"한일건설자재","2026-06-27",null,"건축공사팀 담당","2026-04-25"]
["건축","조적공사","조적공사 부분작업","건-0177","적벽돌","100x100","set",416,64000,26624000,"KCC자재","2026-07-06",null,"건축공사팀 담당","2026-04-25"]
["건축","미장공사","미장공사 부분작업","건-0178","미장모래","KS표준","kg",131,680000,89080000,"삼성설비상사","2026-06-16",null,"건축공사팀 담당","2026-04-25"]
["건축","마감공사","마감공사 부분작업","건-0179","페인트","일반형","m2",364,756000,275184000,"한일건설자재","2026-05-25",null,"건축공사팀 담당","2026-04-25"]
["건축","마감공사","마감공사 부분작업","건-0180","타일","Type-A","개",436,419000,182684000,"대성종합건자재","2026-07-07",null,"건축공사팀 담당","2026-04-25"]
["건축","골조공사","골조공사 부분작업","건-0181","레미콘","대형","m3",48,529000,25392000,"SK에너지자재","2026-06-17",null,"건축공사팀 담당","2026-04-25"]
["건축","마감공사","마감공사 부분작업","건-0182","바닥재","KS표준","m3",469,235000,110215000,"태양건설","2026-05-31",null,"건축공사팀 담당","2026-04-25"]
["건축","조적공사","조적공사 부분작업","건-0183","시멘트벽돌","대형","m",429,81000,34749000,"정원건설","2026-07-15",null,"건축공사팀 담당","2026-04-25"]
["건축","골조공사","골조공사 부분작업","건-0184","레미콘","100x100","kg",252,680000,171360000,"정원건설","2026-07-07",null,"건축공사팀 담당","2026-04-25"]
["건축","미장공사","미장공사 부분작업","건-0185","시멘트","Type-A","ton",261,702000,183222000,"대성종합건자재","2026-06-16",null,"건축공사팀 담당","2026-04-25"]
["건축","골조공사","골조공사 부분작업","건-0186","철근D16","150A","set",414,915000,378810000,"SK에너지자재","2026-06-14",null,"건축공사팀 담당","2026-04-25"]
["건축","골조공사","골조공사 부분작업","건-0187","합판거푸집","D300","m3",172,190000,32680000,"정원건설","2026-06-03",null,"건축공사팀 담당","2026-04-25"]
["건축","조적공사","조적공사 부분작업","건-0188","ALC블록","중형","set",190,531000,100890000,"(주)대한건설자재","2026-05-18",null,"건축공사팀 담당","2026-04-25"]
["건축","골조공사","골조공사 부분작업","건-0189","철근D10","대형","m2",449,466000,209234000,"한솔건자재","2026-06-03",null,"건축공사팀 담당","2026-04-25"]
["건축","미장공사","미장공사 부분작업","건-0190","방수몰탈","대형","식",234,59000,13806000,"(주)대한건설자재","2026-07-17",null,"건축공사팀 담당","2026-04-25"]
["건축","미장공사","미장공사 부분작업","건-0191","시멘트","Type-B","m",373,361000,134653000,"대성종합건자재","2026-05-03",null,"건축공사팀 담당","2026-04-25"]
["건축","마감공사","마감공사 부분작업","건-0192","석고보드","D300","m",483,520000,251160000,"현대자재유통","2026-07-18",null,"건축공사팀 담당","2026-04-25"]
["건축","조적공사","조적공사 부분작업","건-0193","ALC블록","150A","식",268,941000,252188000,"태양건설","2026-07-10",null,"건축공사팀 담당","2026-04-25"]
["건축","미장공사","미장공사 부분작업","건-0194","방수몰탈","100x100","kg",180,290000,52200000,"정원건설","2026-05-05",null,"건축공사팀 담당","2026-04-25"]
["건축","마감공사","마감공사 부분작업","건-0195","석고보드","고급형","kg",490,752000,368480000,"대성종합건자재","2026-06-17",null,"건축공사팀 담당","2026-04-25"]
["건축","조적공사","조적공사 부분작업","건-0196","ALC블록","150A","set",185,578000,106930000,"대성종합건자재","2026-05-31",null,"건축공사팀 담당","2026-04-25"]
["건축","마감공사","마감공사 부분작업","건-0197","타일","KS표준","개",41,354000,14514000,"SK에너지자재","2026-07-13",null,"건축공사팀 담당","2026-04-25"]
["건축","미장공사","미장공사 부분작업","건-0198","방수몰탈","KS표준","ton",341,647000,220627000,"태양건설","2026-05-27",null,"건축공사팀 담당","2026-04-25"]
["건축","골조공사","골조공사 부분작업","건-0199","레미콘","중형","ton",201,417000,83817000,"정원건설","2026-06-04",null,"건축공사팀 담당","2026-04-25"]
["건축","조적공사","조적공사 부분작업","건-0200","시멘트벽돌","D300","ton",67,664000,44488000,"대성종합건자재","2026-07-06",null,"건축공사팀 담당","2026-04-25"]
["설비","위생설비","위생설비 부분작업","설-0001","세면기","Type-A","m2",401,867000,347667000,"정원건설","2026-07-11",null,"기계설비팀 담당","2026-04-25"]
["설비","기계설비","기계설비 부분작업","설-0002","펌프","일반형","m",410,247000,101270000,"한솔건자재","2026-05-02",null,"기계설비팀 담당","2026-04-25"]
["설비","위생설비","위생설비 부분작업","설-0003","오수배관","중형","m",261,276000,72036000,"정원건설","2026-07-19",null,"기계설비팀 담당","2026-04-25"]
["설비","기계설비","기계설비 부분작업","설-0004","환기팬","100x100","식",151,215000,32465000,"KCC자재","2026-05-30",null,"기계설비팀 담당","2026-04-25"]
["설비","기계설비","기계설비 부분작업","설-0005","환기팬","KS표준","m",97,191000,18527000,"한일건설자재","2026-05-14",null,"기계설비팀 담당","2026-04-25"]
["설비","기계설비","기계설비 부분작업","설-0006","펌프","Type-B","ton",338,684000,231192000,"한일건설자재","2026-06-29",null,"기계설비팀 담당","2026-04-25"]
["설비","기계설비","기계설비 부분작업","설-0007","열교환기","150A","식",365,152000,55480000,"삼성설비상사","2026-07-10",null,"기계설비팀 담당","2026-04-25"]
["설비","공조","공조 부분작업","설-0008","FCU","Type-B","식",384,302000,115968000,"한일건설자재","2026-05-19",null,"기계설비팀 담당","2026-04-25"]
["설비","위생설비","위생설비 부분작업","설-0009","양변기","중형","식",76,526000,39976000,"한솔건자재","2026-06-14",null,"기계설비팀 담당","2026-04-25"]
["설비","소방","소방 부분작업","설-0010","스프링클러","Type-A","m",276,790000,218040000,"삼성설비상사","2026-05-23",null,"기계설비팀 담당","2026-04-25"]
["설비","위생설비","위생설비 부분작업","설-0011","양변기","대형","m",376,106000,39856000,"태양건설","2026-05-09",null,"기계설비팀 담당","2026-04-25"]
["설비","위생설비","위생설비 부분작업","설-0012","오수배관","고급형","식",332,783000,259956000,"SK에너지자재","2026-07-06",null,"기계설비팀 담당","2026-04-25"]
["설비","공조","공조 부분작업","설-0013","FCU","100x100","m",325,908000,295100000,"한일건설자재","2026-05-03",null,"기계설비팀 담당","2026-04-25"]
["설비","소방","소방 부분작업","설-0014","감지기","100x100","set",459,950000,436050000,"삼성설비상사","2026-06-20",null,"기계설비팀 담당","2026-04-25"]
["설비","위생설비","위생설비 부분작업","설-0015","양변기","일반형","m2",90,291000,26190000,"대성종합건자재","2026-06-04",null,"기계설비팀 담당","2026-04-25"]
["설비","소방","소방 부분작업","설-0016","수신기","150A","set",278,133000,36974000,"한솔건자재","2026-05-19",null,"기계설비팀 담당","2026-04-25"]
["설비","위생설비","위생설비 부분작업","설-0017","수도배관","대형","개",69,984000,67896000,"태양건설","2026-06-19",null,"기계설비팀 담당","2026-04-25"]
["설비","기계설비","기계설비 부분작업","설-0018","환기팬","중형","kg",233,663000,154479000,"현대자재유통","2026-07-17",null,"기계설비팀 담당","2026-04-25"]
["설비","위생설비","위생설비 부분작업","설-0019","세면기","KS표준","m2",278,5000,1390000,"태양건설","2026-06-01",null,"기계설비팀 담당","2026-04-25"]
["설비","위생설비","위생설비 부분작업","설-0020","수도배관","KS표준","식",53,670000,35510000,"대성종합건자재","2026-05-09",null,"기계설비팀 담당","2026-04-25"]
["설비","위생설비","위생설비 부분작업","설-0021","수도배관","고급형","m2",147,240000,35280000,"대성종합건자재","2026-05-23",null,"기계설비팀 담당","2026-04-25"]
["설비","공조","공조 부분작업","설-0022","FCU","일반형","개",131,651000,85281000,"정원건설","2026-05-11",null,"기계설비팀 담당","2026-04-25"]
["설비","소방","소방 부분작업","설-0023","수신기","대형","ton",345,464000,160080000,"태양건설","2026-06-03",null,"기계설비팀 담당","2026-04-25"]
["설비","위생설비","위생설비 부분작업","설-0024","오수배관","고급형","set",240,904000,216960000,"대성종합건자재","2026-05-15",null,"기계설비팀 담당","2026-04-25"]
["설비","소방","소방 부분작업","설-0025","감지기","중형","개",53,700000,37100000,"태양건설","2026-07-02",null,"기계설비팀 담당","2026-04-25"]
["설비","기계설비","기계설비 부분작업","설-0026","펌프","150A","set",226,533000,120458000,"현대자재유통","2026-06-04",null,"기계설비팀 담당","2026-04-25"]
["설비","위생설비","위생설비 부분작업","설-0027","오수배관","일반형","ton",380,280000,106400000,"대성종합건자재","2026-06-22",null,"기계설비팀 담당","2026-04-25"]
["설비","기계설비","기계설비 부분작업","설-0028","펌프","D300","개",123,571000,70233000,"KCC자재","2026-07-04",null,"기계설비팀 담당","2026-04-25"]
["설비","위생설비","위생설비 부분작업","설-0029","세면기","100x100","m",464,893000,414352000,"(주)대한건설자재","2026-05-08",null,"기계설비팀 담당","2026-04-25"]
["설비","기계설비","기계설비 부분작업","설-0030","열교환기","D300","m3",370,743000,274910000,"정원건설","2026-05-28",null,"기계설비팀 담당","2026-04-25"]
["설비","공조","공조 부분작업","설-0031","FCU","Type-B","개",493,251000,123743000,"SK에너지자재","2026-06-01",null,"기계설비팀 담당","2026-04-25"]
["설비","기계설비","기계설비 부분작업","설-0032","열교환기","Type-A","set",40,627000,25080000,"대성종합건자재","2026-05-31",null,"기계설비팀 담당","2026-04-25"]
["설비","소방","소방 부분작업","설-0033","감지기","150A","개",57,782000,44574000,"대성종합건자재","2026-06-06",null,"기계설비팀 담당","2026-04-25"]
["설비","소방","소방 부분작업","설-0034","수신기","100x100","m3",14,900000,12600000,"한솔건자재","2026-05-04",null,"기계설비팀 담당","2026-04-25"]
["설비","위생설비","위생설비 부분작업","설-0035","오수배관","중형","식",6,689000,4134000,"KCC자재","2026-07-16",null,"기계설비팀 담당","2026-04-25"]
["설비","기계설비","기계설비 부분작업","설-0036","밸브","고급형","kg",314,77000,24178000,"(주)대한건설자재","2026-06-22",null,"기계설비팀 담당","2026-04-25"]
["설비","소방","소방 부분작업","설-0037","스프링클러","D300","kg",497,880000,437360000,"현대자재유통","2026-06-04",null,"기계설비팀 담당","2026-04-25"]
["설비","기계설비","기계설비 부분작업","설-0038","펌프","100x100","ton",135,810000,109350000,"SK에너지자재","2026-06-23",null,"기계설비팀 담당","2026-04-25"]
["설비","기계설비","기계설비 부분작업","설-0039","펌프","D300","kg",402,847000,340494000,"SK에너지자재","2026-06-30",null,"기계설비팀 담당","2026-04-25"]
["설비","소방","소방 부분작업","설-0040","스프링클러","대형","개",493,637000,314041000,"한솔건자재","2026-05-27",null,"기계설비팀 담당","2026-04-25"]
["설비","위생설비","위생설비 부분작업","설-0041","오수배관","D300","ton",401,106000,42506000,"(주)대한건설자재","2026-05-31",null,"기계설비팀 담당","2026-04-25"]
["설비","위생설비","위생설비 부분작업","설-0042","수도배관","일반형","set",489,624000,305136000,"태양건설","2026-05-17",null,"기계설비팀 담당","2026-04-25"]
["설비","기계설비","기계설비 부분작업","설-0043","펌프","Type-B","m2",188,232000,43616000,"한솔건자재","2026-07-09",null,"기계설비팀 담당","2026-04-25"]
["설비","위생설비","위생설비 부분작업","설-0044","수도배관","150A","ton",410,135000,55350000,"대성종합건자재","2026-06-11",null,"기계설비팀 담당","2026-04-25"]
["설비","위생설비","위생설비 부분작업","설-0045","세면기","100x100","set",450,220000,99000000,"한솔건자재","2026-05-10",null,"기계설비팀 담당","2026-04-25"]
["설비","위생설비","위생설비 부분작업","설-0046","수도배관","D300","m2",164,464000,76096000,"KCC자재","2026-06-17",null,"기계설비팀 담당","2026-04-25"]
["설비","소방","소방 부분작업","설-0047","소화전","Type-B","kg",9,410000,3690000,"정원건설","2026-06-20",null,"기계설비팀 담당","2026-04-25"]
["설비","기계설비","기계설비 부분작업","설-0048","펌프","KS표준","m2",256,870000,222720000,"한일건설자재","2026-07-21",null,"기계설비팀 담당","2026-04-25"]
["설비","기계설비","기계설비 부분작업","설-0049","펌프","150A","m3",152,738000,112176000,"삼성설비상사","2026-06-11",null,"기계설비팀 담당","2026-04-25"]
["설비","공조","공조 부분작업","설-0050","냉동기","고급형","개",284,434000,123256000,"한일건설자재","2026-05-09",null,"기계설비팀 담당","2026-04-25"]
["설비","기계설비","기계설비 부분작업","설-0051","밸브","Type-A","set",386,593000,228898000,"대성종합건자재","2026-07-17",null,"기계설비팀 담당","2026-04-25"]
["설비","공조","공조 부분작업","설-0052","에어핸들러","대형","kg",326,403000,131378000,"한일건설자재","2026-05-29",null,"기계설비팀 담당","2026-04-25"]
["설비","공조","공조 부분작업","설-0053","에어핸들러","Type-B","m",458,165000,75570000,"삼성설비상사","2026-06-08",null,"기계설비팀 담당","2026-04-25"]
["설비","소방","소방 부분작업","설-0054","소화전","Type-B","m3",112,898000,100576000,"(주)대한건설자재","2026-05-11",null,"기계설비팀 담당","2026-04-25"]
["설비","위생설비","위생설비 부분작업","설-0055","오수배관","Type-B","m2",448,587000,262976000,"삼성설비상사","2026-06-05",null,"기계설비팀 담당","2026-04-25"]
["설비","공조","공조 부분작업","설-0056","냉동기","중형","m3",190,463000,87970000,"한솔건자재","2026-07-18",null,"기계설비팀 담당","2026-04-25"]
["설비","소방","소방 부분작업","설-0057","스프링클러","일반형","set",32,201000,6432000,"현대자재유통","2026-06-10",null,"기계설비팀 담당","2026-04-25"]
["설비","공조","공조 부분작업","설-0058","에어핸들러","고급형","set",57,967000,55119000,"태양건설","2026-06-19",null,"기계설비팀 담당","2026-04-25"]
["설비","기계설비","기계설비 부분작업","설-0059","환기팬","Type-A","ton",309,113000,34917000,"대성종합건자재","2026-05-20",null,"기계설비팀 담당","2026-04-25"]
["설비","소방","소방 부분작업","설-0060","감지기","KS표준","m",36,672000,24192000,"(주)대한건설자재","2026-05-12",null,"기계설비팀 담당","2026-04-25"]
["설비","공조","공조 부분작업","설-0061","FCU","100x100","m",342,157000,53694000,"(주)대한건설자재","2026-06-02",null,"기계설비팀 담당","2026-04-25"]
["설비","위생설비","위생설비 부분작업","설-0062","수도배관","중형","m",115,308000,35420000,"SK에너지자재","2026-06-19",null,"기계설비팀 담당","2026-04-25"]
["설비","공조","공조 부분작업","설-0063","덕트","Type-A","ton",109,649000,70741000,"SK에너지자재","2026-07-07",null,"기계설비팀 담당","2026-04-25"]
["설비","소방","소방 부분작업","설-0064","소화전","Type-A","개",226,884000,199784000,"대성종합건자재","2026-05-10",null,"기계설비팀 담당","2026-04-25"]
["설비","기계설비","기계설비 부분작업","설-0065","밸브","D300","m3",190,328000,62320000,"한솔건자재","2026-06-14",null,"기계설비팀 담당","2026-04-25"]
["설비","소방","소방 부분작업","설-0066","수신기","고급형","m",203,63000,12789000,"정원건설","2026-05-17",null,"기계설비팀 담당","2026-04-25"]
["설비","기계설비","기계설비 부분작업","설-0067","열교환기","100x100","m3",386,935000,360910000,"정원건설","2026-06-04",null,"기계설비팀 담당","2026-04-25"]
["설비","소방","소방 부분작업","설-0068","수신기","중형","식",384,944000,362496000,"정원건설","2026-06-05",null,"기계설비팀 담당","2026-04-25"]
["설비","공조","공조 부분작업","설-0069","덕트","고급형","set",231,736000,170016000,"삼성설비상사","2026-06-20",null,"기계설비팀 담당","2026-04-25"]
["설비","위생설비","위생설비 부분작업","설-0070","오수배관","중형","m",381,9000,3429000,"SK에너지자재","2026-05-31",null,"기계설비팀 담당","2026-04-25"]
["설비","기계설비","기계설비 부분작업","설-0071","열교환기","150A","m",258,846000,218268000,"SK에너지자재","2026-06-14",null,"기계설비팀 담당","2026-04-25"]
["설비","위생설비","위생설비 부분작업","설-0072","세면기","중형","m3",187,200000,37400000,"KCC자재","2026-05-22",null,"기계설비팀 담당","2026-04-25"]
["설비","위생설비","위생설비 부분작업","설-0073","세면기","중형","kg",72,4000,288000,"KCC자재","2026-07-16",null,"기계설비팀 담당","2026-04-25"]
["설비","소방","소방 부분작업","설-0074","수신기","150A","m2",497,559000,277823000,"태양건설","2026-05-20",null,"기계설비팀 담당","2026-04-25"]
["설비","공조","공조 부분작업","설-0075","FCU","100x100","m3",244,633000,154452000,"한솔건자재","2026-05-06",null,"기계설비팀 담당","2026-04-25"]
["설비","위생설비","위생설비 부분작업","설-0076","수도배관","고급형","개",198,611000,120978000,"삼성설비상사","2026-06-05",null,"기계설비팀 담당","2026-04-25"]
["설비","공조","공조 부분작업","설-0077","에어핸들러","Type-A","m",302,600000,181200000,"삼성설비상사","2026-07-22",null,"기계설비팀 담당","2026-04-25"]
["설비","공조","공조 부분작업","설-0078","에어핸들러","대형","식",453,929000,420837000,"한일건설자재","2026-07-04",null,"기계설비팀 담당","2026-04-25"]
["설비","기계설비","기계설비 부분작업","설-0079","환기팬","Type-B","kg",246,196000,48216000,"KCC자재","2026-05-28",null,"기계설비팀 담당","2026-04-25"]
["설비","위생설비","위생설비 부분작업","설-0080","수도배관","Type-B","식",168,705000,118440000,"한일건설자재","2026-05-30",null,"기계설비팀 담당","2026-04-25"]
["설비","공조","공조 부분작업","설-0081","덕트","150A","m",80,350000,28000000,"태양건설","2026-07-06",null,"기계설비팀 담당","2026-04-25"]
["설비","공조","공조 부분작업","설-0082","냉동기","대형","set",150,146000,21900000,"현대자재유통","2026-05-30",null,"기계설비팀 담당","2026-04-25"]
["설비","소방","소방 부분작업","설-0083","스프링클러","중형","m",201,452000,90852000,"정원건설","2026-06-05",null,"기계설비팀 담당","2026-04-25"]
["설비","기계설비","기계설비 부분작업","설-0084","펌프","KS표준","m",40,471000,18840000,"태양건설","2026-07-05",null,"기계설비팀 담당","2026-04-25"]
["설비","소방","소방 부분작업","설-0085","스프링클러","Type-B","m2",71,221000,15691000,"태양건설","2026-06-09",null,"기계설비팀 담당","2026-04-25"]
["설비","위생설비","위생설비 부분작업","설-0086","세면기","D300","kg",60,813000,48780000,"(주)대한건설자재","2026-06-07",null,"기계설비팀 담당","2026-04-25"]
["설비","기계설비","기계설비 부분작업","설-0087","밸브","Type-B","m2",251,246000,61746000,"정원건설","2026-05-09",null,"기계설비팀 담당","2026-04-25"]
["설비","위생설비","위생설비 부분작업","설-0088","세면기","KS표준","개",324,357000,115668000,"KCC자재","2026-07-17",null,"기계설비팀 담당","2026-04-25"]
["설비","위생설비","위생설비 부분작업","설-0089","오수배관","100x100","m",471,768000,361728000,"삼성설비상사","2026-06-25",null,"기계설비팀 담당","2026-04-25"]
["설비","공조","공조 부분작업","설-0090","덕트","KS표준","set",35,160000,5600000,"삼성설비상사","2026-05-11",null,"기계설비팀 담당","2026-04-25"]
["설비","위생설비","위생설비 부분작업","설-0091","양변기","KS표준","set",304,215000,65360000,"삼성설비상사","2026-07-05",null,"기계설비팀 담당","2026-04-25"]
["설비","기계설비","기계설비 부분작업","설-0092","밸브","일반형","kg",423,532000,225036000,"한솔건자재","2026-05-14",null,"기계설비팀 담당","2026-04-25"]
["설비","위생설비","위생설비 부분작업","설-0093","수도배관","중형","kg",443,701000,310543000,"대성종합건자재","2026-06-06",null,"기계설비팀 담당","2026-04-25"]
["설비","기계설비","기계설비 부분작업","설-0094","환기팬","KS표준","kg",240,968000,232320000,"(주)대한건설자재","2026-06-07",null,"기계설비팀 담당","2026-04-25"]
["설비","위생설비","위생설비 부분작업","설-0095","양변기","KS표준","m2",146,803000,117238000,"SK에너지자재","2026-07-12",null,"기계설비팀 담당","2026-04-25"]
["설비","기계설비","기계설비 부분작업","설-0096","열교환기","중형","kg",490,436000,213640000,"한솔건자재","2026-07-04",null,"기계설비팀 담당","2026-04-25"]
["설비","공조","공조 부분작업","설-0097","에어핸들러","일반형","m3",234,477000,111618000,"삼성설비상사","2026-06-01",null,"기계설비팀 담당","2026-04-25"]
["설비","공조","공조 부분작업","설-0098","덕트","KS표준","m2",37,519000,19203000,"삼성설비상사","2026-05-08",null,"기계설비팀 담당","2026-04-25"]
["설비","위생설비","위생설비 부분작업","설-0099","수도배관","D300","m3",264,432000,114048000,"한솔건자재","2026-07-16",null,"기계설비팀 담당","2026-04-25"]
["설비","소방","소방 부분작업","설-0100","수신기","150A","식",215,659000,141685000,"대성종합건자재","2026-06-15",null,"기계설비팀 담당","2026-04-25"]
["설비","위생설비","위생설비 부분작업","설-0101","오수배관","KS표준","kg",355,421000,149455000,"정원건설","2026-06-20",null,"기계설비팀 담당","2026-04-25"]
["설비","공조","공조 부분작업","설-0102","FCU","대형","식",434,908000,394072000,"KCC자재","2026-06-12",null,"기계설비팀 담당","2026-04-25"]
["설비","기계설비","기계설비 부분작업","설-0103","펌프","일반형","식",370,220000,81400000,"삼성설비상사","2026-06-12",null,"기계설비팀 담당","2026-04-25"]
["설비","위생설비","위생설비 부분작업","설-0104","세면기","D300","식",338,495000,167310000,"정원건설","2026-05-11",null,"기계설비팀 담당","2026-04-25"]
["설비","위생설비","위생설비 부분작업","설-0105","양변기","150A","식",345,433000,149385000,"SK에너지자재","2026-06-26",null,"기계설비팀 담당","2026-04-25"]
["설비","기계설비","기계설비 부분작업","설-0106","펌프","KS표준","set",411,205000,84255000,"(주)대한건설자재","2026-05-22",null,"기계설비팀 담당","2026-04-25"]
["설비","위생설비","위생설비 부분작업","설-0107","오수배관","D300","ton",455,813000,369915000,"KCC자재","2026-05-16",null,"기계설비팀 담당","2026-04-25"]
["설비","위생설비","위생설비 부분작업","설-0108","양변기","고급형","m",485,335000,162475000,"정원건설","2026-06-15",null,"기계설비팀 담당","2026-04-25"]
["설비","위생설비","위생설비 부분작업","설-0109","세면기","대형","m2",451,94000,42394000,"한솔건자재","2026-06-06",null,"기계설비팀 담당","2026-04-25"]
["설비","기계설비","기계설비 부분작업","설-0110","열교환기","100x100","식",329,342000,112518000,"태양건설","2026-06-16",null,"기계설비팀 담당","2026-04-25"]
["설비","기계설비","기계설비 부분작업","설-0111","펌프","고급형","m",308,709000,218372000,"삼성설비상사","2026-06-02",null,"기계설비팀 담당","2026-04-25"]
["설비","소방","소방 부분작업","설-0112","감지기","D300","m",164,998000,163672000,"태양건설","2026-05-05",null,"기계설비팀 담당","2026-04-25"]
["설비","기계설비","기계설비 부분작업","설-0113","환기팬","Type-A","m",372,576000,214272000,"SK에너지자재","2026-07-19",null,"기계설비팀 담당","2026-04-25"]
["설비","위생설비","위생설비 부분작업","설-0114","세면기","고급형","kg",281,151000,42431000,"한일건설자재","2026-07-07",null,"기계설비팀 담당","2026-04-25"]
["설비","공조","공조 부분작업","설-0115","냉동기","100x100","kg",372,547000,203484000,"정원건설","2026-07-22",null,"기계설비팀 담당","2026-04-25"]
["설비","기계설비","기계설비 부분작업","설-0116","밸브","150A","개",273,453000,123669000,"(주)대한건설자재","2026-07-10",null,"기계설비팀 담당","2026-04-25"]
["설비","기계설비","기계설비 부분작업","설-0117","열교환기","대형","식",74,347000,25678000,"한솔건자재","2026-06-30",null,"기계설비팀 담당","2026-04-25"]
["설비","공조","공조 부분작업","설-0118","덕트","150A","ton",157,379000,59503000,"한솔건자재","2026-06-08",null,"기계설비팀 담당","2026-04-25"]
["설비","공조","공조 부분작업","설-0119","FCU","D300","kg",465,924000,429660000,"SK에너지자재","2026-06-23",null,"기계설비팀 담당","2026-04-25"]
["설비","기계설비","기계설비 부분작업","설-0120","환기팬","150A","식",358,267000,95586000,"대성종합건자재","2026-05-05",null,"기계설비팀 담당","2026-04-25"]
["설비","공조","공조 부분작업","설-0121","에어핸들러","일반형","m",343,888000,304584000,"태양건설","2026-05-27",null,"기계설비팀 담당","2026-04-25"]
["설비","위생설비","위생설비 부분작업","설-0122","오수배관","100x100","개",332,753000,249996000,"태양건설","2026-07-16",null,"기계설비팀 담당","2026-04-25"]
["설비","위생설비","위생설비 부분작업","설-0123","오수배관","중형","kg",377,320000,120640000,"정원건설","2026-06-09",null,"기계설비팀 담당","2026-04-25"]
["설비","소방","소방 부분작업","설-0124","감지기","100x100","set",156,145000,22620000,"(주)대한건설자재","2026-06-20",null,"기계설비팀 담당","2026-04-25"]
["설비","소방","소방 부분작업","설-0125","수신기","KS표준","kg",473,463000,218999000,"KCC자재","2026-06-05",null,"기계설비팀 담당","2026-04-25"]
["설비","위생설비","위생설비 부분작업","설-0126","양변기","Type-B","m3",9,199000,1791000,"정원건설","2026-05-31",null,"기계설비팀 담당","2026-04-25"]
["설비","기계설비","기계설비 부분작업","설-0127","열교환기","고급형","m",250,601000,150250000,"삼성설비상사","2026-05-05",null,"기계설비팀 담당","2026-04-25"]
["설비","소방","소방 부분작업","설-0128","소화전","150A","kg",184,720000,132480000,"정원건설","2026-06-20",null,"기계설비팀 담당","2026-04-25"]
["설비","위생설비","위생설비 부분작업","설-0129","오수배관","고급형","kg",474,917000,434658000,"정원건설","2026-07-07",null,"기계설비팀 담당","2026-04-25"]
["설비","위생설비","위생설비 부분작업","설-0130","수도배관","대형","m",144,318000,45792000,"대성종합건자재","2026-06-29",null,"기계설비팀 담당","2026-04-25"]
["설비","기계설비","기계설비 부분작업","설-0131","열교환기","Type-B","ton",372,695000,258540000,"(주)대한건설자재","2026-06-23",null,"기계설비팀 담당","2026-04-25"]
["설비","소방","소방 부분작업","설-0132","스프링클러","150A","set",7,919000,6433000,"(주)대한건설자재","2026-06-01",null,"기계설비팀 담당","2026-04-25"]
["설비","위생설비","위생설비 부분작업","설-0133","양변기","D300","식",166,144000,23904000,"대성종합건자재","2026-06-22",null,"기계설비팀 담당","2026-04-25"]
["설비","공조","공조 부분작업","설-0134","FCU","Type-B","ton",442,918000,405756000,"KCC자재","2026-05-29",null,"기계설비팀 담당","2026-04-25"]
["설비","공조","공조 부분작업","설-0135","덕트","100x100","ton",160,809000,129440000,"한솔건자재","2026-06-24",null,"기계설비팀 담당","2026-04-25"]
["설비","기계설비","기계설비 부분작업","설-0136","열교환기","100x100","ton",408,983000,401064000,"KCC자재","2026-06-30",null,"기계설비팀 담당","2026-04-25"]
["설비","위생설비","위생설비 부분작업","설-0137","오수배관","일반형","kg",35,746000,26110000,"SK에너지자재","2026-07-01",null,"기계설비팀 담당","2026-04-25"]
["설비","소방","소방 부분작업","설-0138","스프링클러","KS표준","ton",9,937000,8433000,"KCC자재","2026-06-24",null,"기계설비팀 담당","2026-04-25"]
["설비","소방","소방 부분작업","설-0139","소화전","Type-B","m",469,846000,396774000,"(주)대한건설자재","2026-06-19",null,"기계설비팀 담당","2026-04-25"]
["설비","공조","공조 부분작업","설-0140","에어핸들러","대형","개",440,225000,99000000,"한솔건자재","2026-05-16",null,"기계설비팀 담당","2026-04-25"]
["설비","소방","소방 부분작업","설-0141","수신기","150A","m3",469,895000,419755000,"삼성설비상사","2026-07-04",null,"기계설비팀 담당","2026-04-25"]
["설비","위생설비","위생설비 부분작업","설-0142","세면기","Type-A","m3",386,712000,274832000,"태양건설","2026-05-25",null,"기계설비팀 담당","2026-04-25"]
["설비","공조","공조 부분작업","설-0143","냉동기","150A","개",256,515000,131840000,"KCC자재","2026-06-07",null,"기계설비팀 담당","2026-04-25"]
["설비","위생설비","위생설비 부분작업","설-0144","세면기","중형","m2",130,277000,36010000,"한솔건자재","2026-06-14",null,"기계설비팀 담당","2026-04-25"]
["설비","소방","소방 부분작업","설-0145","소화전","Type-A","개",37,218000,8066000,"KCC자재","2026-05-11",null,"기계설비팀 담당","2026-04-25"]
["설비","공조","공조 부분작업","설-0146","덕트","중형","식",197,506000,99682000,"한솔건자재","2026-07-12",null,"기계설비팀 담당","2026-04-25"]
["설비","기계설비","기계설비 부분작업","설-0147","펌프","D300","m",29,748000,21692000,"태양건설","2026-05-26",null,"기계설비팀 담당","2026-04-25"]
["설비","위생설비","위생설비 부분작업","설-0148","양변기","Type-A","m3",309,802000,247818000,"한일건설자재","2026-05-09",null,"기계설비팀 담당","2026-04-25"]
["설비","소방","소방 부분작업","설-0149","감지기","중형","set",191,571000,109061000,"삼성설비상사","2026-05-23",null,"기계설비팀 담당","2026-04-25"]
["설비","기계설비","기계설비 부분작업","설-0150","펌프","Type-B","kg",304,91000,27664000,"(주)대한건설자재","2026-07-07",null,"기계설비팀 담당","2026-04-25"]
["설비","위생설비","위생설비 부분작업","설-0151","세면기","100x100","개",330,586000,193380000,"대성종합건자재","2026-05-21",null,"기계설비팀 담당","2026-04-25"]
["설비","기계설비","기계설비 부분작업","설-0152","밸브","D300","식",495,161000,79695000,"한일건설자재","2026-06-28",null,"기계설비팀 담당","2026-04-25"]
["설비","소방","소방 부분작업","설-0153","소화전","중형","m2",472,897000,423384000,"대성종합건자재","2026-06-04",null,"기계설비팀 담당","2026-04-25"]
["설비","위생설비","위생설비 부분작업","설-0154","세면기","150A","개",97,855000,82935000,"태양건설","2026-05-10",null,"기계설비팀 담당","2026-04-25"]
["설비","위생설비","위생설비 부분작업","설-0155","오수배관","Type-A","ton",159,452000,71868000,"대성종합건자재","2026-07-09",null,"기계설비팀 담당","2026-04-25"]
["설비","위생설비","위생설비 부분작업","설-0156","수도배관","Type-B","m",353,555000,195915000,"삼성설비상사","2026-07-04",null,"기계설비팀 담당","2026-04-25"]
["설비","소방","소방 부분작업","설-0157","감지기","중형","kg",407,581000,236467000,"한솔건자재","2026-06-28",null,"기계설비팀 담당","2026-04-25"]
["설비","기계설비","기계설비 부분작업","설-0158","환기팬","150A","m",124,462000,57288000,"(주)대한건설자재","2026-05-30",null,"기계설비팀 담당","2026-04-25"]
["설비","소방","소방 부분작업","설-0159","소화전","150A","m3",108,297000,32076000,"SK에너지자재","2026-07-03",null,"기계설비팀 담당","2026-04-25"]
["설비","위생설비","위생설비 부분작업","설-0160","양변기","KS표준","m3",97,131000,12707000,"KCC자재","2026-06-07",null,"기계설비팀 담당","2026-04-25"]
["설비","공조","공조 부분작업","설-0161","에어핸들러","Type-B","m",125,899000,112375000,"삼성설비상사","2026-07-06",null,"기계설비팀 담당","2026-04-25"]
["설비","기계설비","기계설비 부분작업","설-0162","열교환기","100x100","ton",197,124000,24428000,"한일건설자재","2026-07-23",null,"기계설비팀 담당","2026-04-25"]
["설비","위생설비","위생설비 부분작업","설-0163","양변기","Type-A","set",135,705000,95175000,"한일건설자재","2026-05-22",null,"기계설비팀 담당","2026-04-25"]
["설비","소방","소방 부분작업","설-0164","소화전","150A","m",281,243000,68283000,"한일건설자재","2026-07-07",null,"기계설비팀 담당","2026-04-25"]
["설비","공조","공조 부분작업","설-0165","냉동기","Type-A","식",498,704000,350592000,"(주)대한건설자재","2026-06-07",null,"기계설비팀 담당","2026-04-25"]
["설비","위생설비","위생설비 부분작업","설-0166","오수배관","대형","set",10,136000,1360000,"SK에너지자재","2026-05-23",null,"기계설비팀 담당","2026-04-25"]
["설비","기계설비","기계설비 부분작업","설-0167","열교환기","KS표준","kg",59,766000,45194000,"현대자재유통","2026-06-02",null,"기계설비팀 담당","2026-04-25"]
["설비","기계설비","기계설비 부분작업","설-0168","밸브","일반형","m2",248,924000,229152000,"삼성설비상사","2026-05-29",null,"기계설비팀 담당","2026-04-25"]
["설비","위생설비","위생설비 부분작업","설-0169","오수배관","100x100","kg",448,904000,404992000,"정원건설","2026-06-19",null,"기계설비팀 담당","2026-04-25"]
["설비","공조","공조 부분작업","설-0170","에어핸들러","Type-B","kg",353,578000,204034000,"삼성설비상사","2026-05-30",null,"기계설비팀 담당","2026-04-25"]
["설비","기계설비","기계설비 부분작업","설-0171","열교환기","Type-A","m3",461,666000,307026000,"태양건설","2026-06-21",null,"기계설비팀 담당","2026-04-25"]
["설비","소방","소방 부분작업","설-0172","감지기","100x100","kg",427,707000,301889000,"정원건설","2026-06-17",null,"기계설비팀 담당","2026-04-25"]
["설비","공조","공조 부분작업","설-0173","냉동기","KS표준","m3",133,579000,77007000,"SK에너지자재","2026-07-21",null,"기계설비팀 담당","2026-04-25"]
["설비","공조","공조 부분작업","설-0174","FCU","중형","m3",156,398000,62088000,"태양건설","2026-06-08",null,"기계설비팀 담당","2026-04-25"]
["설비","공조","공조 부분작업","설-0175","덕트","대형","m",222,690000,153180000,"대성종합건자재","2026-05-08",null,"기계설비팀 담당","2026-04-25"]
["설비","위생설비","위생설비 부분작업","설-0176","세면기","고급형","개",135,213000,28755000,"KCC자재","2026-06-16",null,"기계설비팀 담당","2026-04-25"]
["설비","소방","소방 부분작업","설-0177","소화전","일반형","개",179,690000,123510000,"(주)대한건설자재","2026-07-17",null,"기계설비팀 담당","2026-04-25"]
["설비","공조","공조 부분작업","설-0178","FCU","D300","ton",42,133000,5586000,"삼성설비상사","2026-05-06",null,"기계설비팀 담당","2026-04-25"]
["설비","기계설비","기계설비 부분작업","설-0179","밸브","100x100","m",409,588000,240492000,"현대자재유통","2026-06-19",null,"기계설비팀 담당","2026-04-25"]
["설비","기계설비","기계설비 부분작업","설-0180","펌프","중형","개",126,321000,40446000,"KCC자재","2026-07-09",null,"기계설비팀 담당","2026-04-25"]
["설비","기계설비","기계설비 부분작업","설-0181","밸브","Type-A","m2",449,635000,285115000,"(주)대한건설자재","2026-05-26",null,"기계설비팀 담당","2026-04-25"]
["설비","소방","소방 부분작업","설-0182","감지기","중형","set",95,214000,20330000,"정원건설","2026-06-26",null,"기계설비팀 담당","2026-04-25"]
["설비","위생설비","위생설비 부분작업","설-0183","오수배관","일반형","개",210,385000,80850000,"KCC자재","2026-05-05",null,"기계설비팀 담당","2026-04-25"]
["설비","소방","소방 부분작업","설-0184","수신기","일반형","ton",476,82000,39032000,"태양건설","2026-06-08",null,"기계설비팀 담당","2026-04-25"]
["설비","공조","공조 부분작업","설-0185","냉동기","KS표준","개",107,876000,93732000,"현대자재유통","2026-06-16",null,"기계설비팀 담당","2026-04-25"]
["설비","위생설비","위생설비 부분작업","설-0186","오수배관","D300","kg",2,175000,350000,"SK에너지자재","2026-05-06",null,"기계설비팀 담당","2026-04-25"]
["설비","기계설비","기계설비 부분작업","설-0187","환기팬","150A","set",228,616000,140448000,"대성종합건자재","2026-06-21",null,"기계설비팀 담당","2026-04-25"]
["설비","소방","소방 부분작업","설-0188","감지기","100x100","set",435,882000,383670000,"SK에너지자재","2026-05-30",null,"기계설비팀 담당","2026-04-25"]
["설비","기계설비","기계설비 부분작업","설-0189","환기팬","D300","m3",11,947000,10417000,"대성종합건자재","2026-05-09",null,"기계설비팀 담당","2026-04-25"]
["설비","위생설비","위생설비 부분작업","설-0190","양변기","Type-B","set",229,874000,200146000,"(주)대한건설자재","2026-06-21",null,"기계설비팀 담당","2026-04-25"]
["설비","공조","공조 부분작업","설-0191","냉동기","100x100","set",26,699000,18174000,"정원건설","2026-05-17",null,"기계설비팀 담당","2026-04-25"]
["설비","공조","공조 부분작업","설-0192","FCU","D300","m",119,168000,19992000,"태양건설","2026-05-18",null,"기계설비팀 담당","2026-04-25"]
["설비","공조","공조 부분작업","설-0193","FCU","고급형","kg",17,883000,15011000,"(주)대한건설자재","2026-05-18",null,"기계설비팀 담당","2026-04-25"]
["설비","소방","소방 부분작업","설-0194","수신기","대형","ton",304,476000,144704000,"현대자재유통","2026-06-06",null,"기계설비팀 담당","2026-04-25"]
["설비","기계설비","기계설비 부분작업","설-0195","열교환기","D300","ton",405,464000,187920000,"삼성설비상사","2026-06-20",null,"기계설비팀 담당","2026-04-25"]
["설비","소방","소방 부분작업","설-0196","스프링클러","고급형","m2",102,121000,12342000,"한솔건자재","2026-07-20",null,"기계설비팀 담당","2026-04-25"]
["설비","소방","소방 부분작업","설-0197","수신기","고급형","kg",156,170000,26520000,"한일건설자재","2026-06-24",null,"기계설비팀 담당","2026-04-25"]
["설비","소방","소방 부분작업","설-0198","소화전","Type-A","개",426,853000,363378000,"한일건설자재","2026-07-07",null,"기계설비팀 담당","2026-04-25"]
["설비","위생설비","위생설비 부분작업","설-0199","세면기","100x100","ton",353,517000,182501000,"SK에너지자재","2026-06-27",null,"기계설비팀 담당","2026-04-25"]
["설비","소방","소방 부분작업","설-0200","감지기","KS표준","개",324,593000,192132000,"정원건설","2026-06-12",null,"기계설비팀 담당","2026-04-25"]
["전기","약전","약전 부분작업","전-0001","월패드","Type-A","kg",350,285000,99750000,"현대자재유통","2026-06-26",null,"전기통신팀 담당","2026-04-25"]
["전기","약전","약전 부분작업","전-0002","인터폰","150A","set",100,175000,17500000,"KCC자재","2026-05-25",null,"전기통신팀 담당","2026-04-25"]
["전기","통신공사","통신공사 부분작업","전-0003","UTP케이블","Type-A","set",315,656000,206640000,"삼성설비상사","2026-05-12",null,"전기통신팀 담당","2026-04-25"]
["전기","전기공사","전기공사 부분작업","전-0004","전선관","대형","m",222,499000,110778000,"정원건설","2026-05-08",null,"전기통신팀 담당","2026-04-25"]
["전기","약전","약전 부분작업","전-0005","CCTV","D300","set",176,775000,136400000,"현대자재유통","2026-05-13",null,"전기통신팀 담당","2026-04-25"]
["전기","약전","약전 부분작업","전-0006","월패드","100x100","set",16,452000,7232000,"대성종합건자재","2026-05-12",null,"전기통신팀 담당","2026-04-25"]
["전기","통신공사","통신공사 부분작업","전-0007","RJ45","고급형","ton",288,105000,30240000,"한솔건자재","2026-06-05",null,"전기통신팀 담당","2026-04-25"]
["전기","통신공사","통신공사 부분작업","전-0008","광케이블","대형","m3",355,774000,274770000,"삼성설비상사","2026-07-21",null,"전기통신팀 담당","2026-04-25"]
["전기","통신공사","통신공사 부분작업","전-0009","UTP케이블","150A","m2",68,771000,52428000,"정원건설","2026-06-21",null,"전기통신팀 담당","2026-04-25"]
["전기","약전","약전 부분작업","전-0010","월패드","고급형","kg",459,370000,169830000,"(주)대한건설자재","2026-07-21",null,"전기통신팀 담당","2026-04-25"]
["전기","통신공사","통신공사 부분작업","전-0011","UTP케이블","중형","개",406,773000,313838000,"한일건설자재","2026-07-05",null,"전기통신팀 담당","2026-04-25"]
["전기","조명","조명 부분작업","전-0012","센서등","Type-B","set",199,490000,97510000,"대성종합건자재","2026-06-05",null,"전기통신팀 담당","2026-04-25"]
["전기","약전","약전 부분작업","전-0013","CCTV","Type-B","식",198,54000,10692000,"정원건설","2026-06-08",null,"전기통신팀 담당","2026-04-25"]
["전기","전기공사","전기공사 부분작업","전-0014","조명기구","100x100","식",204,51000,10404000,"한일건설자재","2026-05-23",null,"전기통신팀 담당","2026-04-25"]
["전기","통신공사","통신공사 부분작업","전-0015","UTP케이블","대형","m",329,226000,74354000,"현대자재유통","2026-05-06",null,"전기통신팀 담당","2026-04-25"]
["전기","통신공사","통신공사 부분작업","전-0016","RJ45","Type-A","m3",216,966000,208656000,"삼성설비상사","2026-07-10",null,"전기통신팀 담당","2026-04-25"]
["전기","통신공사","통신공사 부분작업","전-0017","UTP케이블","Type-A","ton",159,461000,73299000,"한일건설자재","2026-06-16",null,"전기통신팀 담당","2026-04-25"]
["전기","조명","조명 부분작업","전-0018","센서등","D300","식",444,804000,356976000,"SK에너지자재","2026-07-11",null,"전기통신팀 담당","2026-04-25"]
["전기","전기공사","전기공사 부분작업","전-0019","전선관","고급형","set",242,174000,42108000,"KCC자재","2026-05-31",null,"전기통신팀 담당","2026-04-25"]
["전기","약전","약전 부분작업","전-0020","월패드","대형","개",262,467000,122354000,"(주)대한건설자재","2026-06-15",null,"전기통신팀 담당","2026-04-25"]
["전기","전기공사","전기공사 부분작업","전-0021","케이블","대형","ton",409,354000,144786000,"정원건설","2026-07-09",null,"전기통신팀 담당","2026-04-25"]
["전기","통신공사","통신공사 부분작업","전-0022","스위치허브","중형","set",360,414000,149040000,"현대자재유통","2026-05-09",null,"전기통신팀 담당","2026-04-25"]
["전기","조명","조명 부분작업","전-0023","센서등","Type-B","m",143,226000,32318000,"SK에너지자재","2026-05-24",null,"전기통신팀 담당","2026-04-25"]
["전기","약전","약전 부분작업","전-0024","월패드","고급형","m",365,460000,167900000,"(주)대한건설자재","2026-05-02",null,"전기통신팀 담당","2026-04-25"]
["전기","약전","약전 부분작업","전-0025","감지기","D300","kg",274,233000,63842000,"(주)대한건설자재","2026-07-04",null,"전기통신팀 담당","2026-04-25"]
["전기","약전","약전 부분작업","전-0026","CCTV","대형","개",192,763000,146496000,"태양건설","2026-05-18",null,"전기통신팀 담당","2026-04-25"]
["전기","조명","조명 부분작업","전-0027","LED등기구","고급형","kg",32,673000,21536000,"삼성설비상사","2026-06-23",null,"전기통신팀 담당","2026-04-25"]
["전기","약전","약전 부분작업","전-0028","월패드","Type-A","set",412,619000,255028000,"(주)대한건설자재","2026-06-02",null,"전기통신팀 담당","2026-04-25"]
["전기","약전","약전 부분작업","전-0029","인터폰","고급형","식",269,322000,86618000,"한일건설자재","2026-06-27",null,"전기통신팀 담당","2026-04-25"]
["전기","조명","조명 부분작업","전-0030","LED등기구","100x100","m2",38,327000,12426000,"한솔건자재","2026-07-03",null,"전기통신팀 담당","2026-04-25"]
["전기","통신공사","통신공사 부분작업","전-0031","광케이블","일반형","개",131,183000,23973000,"정원건설","2026-07-20",null,"전기통신팀 담당","2026-04-25"]
["전기","전기공사","전기공사 부분작업","전-0032","배전반","일반형","m3",306,86000,26316000,"정원건설","2026-06-13",null,"전기통신팀 담당","2026-04-25"]
["전기","약전","약전 부분작업","전-0033","월패드","KS표준","m3",199,891000,177309000,"태양건설","2026-06-12",null,"전기통신팀 담당","2026-04-25"]
["전기","조명","조명 부분작업","전-0034","LED등기구","KS표준","m2",228,816000,186048000,"한일건설자재","2026-05-31",null,"전기통신팀 담당","2026-04-25"]
["전기","약전","약전 부분작업","전-0035","월패드","대형","m2",60,6000,360000,"현대자재유통","2026-05-22",null,"전기통신팀 담당","2026-04-25"]
["전기","통신공사","통신공사 부분작업","전-0036","UTP케이블","일반형","m",80,979000,78320000,"(주)대한건설자재","2026-06-17",null,"전기통신팀 담당","2026-04-25"]
["전기","조명","조명 부분작업","전-0037","비상등","고급형","m",361,296000,106856000,"SK에너지자재","2026-05-30",null,"전기통신팀 담당","2026-04-25"]
["전기","약전","약전 부분작업","전-0038","CCTV","고급형","식",492,517000,254364000,"한일건설자재","2026-07-16",null,"전기통신팀 담당","2026-04-25"]
["전기","약전","약전 부분작업","전-0039","인터폰","고급형","식",187,438000,81906000,"SK에너지자재","2026-07-03",null,"전기통신팀 담당","2026-04-25"]
["전기","통신공사","통신공사 부분작업","전-0040","RJ45","Type-A","set",433,370000,160210000,"SK에너지자재","2026-05-11",null,"전기통신팀 담당","2026-04-25"]
["전기","조명","조명 부분작업","전-0041","비상등","Type-B","kg",70,260000,18200000,"태양건설","2026-07-07",null,"전기통신팀 담당","2026-04-25"]
["전기","통신공사","통신공사 부분작업","전-0042","스위치허브","중형","개",3,369000,1107000,"삼성설비상사","2026-05-29",null,"전기통신팀 담당","2026-04-25"]
["전기","전기공사","전기공사 부분작업","전-0043","전선관","150A","m",254,330000,83820000,"현대자재유통","2026-05-24",null,"전기통신팀 담당","2026-04-25"]
["전기","약전","약전 부분작업","전-0044","월패드","고급형","m",277,360000,99720000,"대성종합건자재","2026-05-25",null,"전기통신팀 담당","2026-04-25"]
["전기","약전","약전 부분작업","전-0045","인터폰","D300","m",401,747000,299547000,"KCC자재","2026-06-05",null,"전기통신팀 담당","2026-04-25"]
["전기","조명","조명 부분작업","전-0046","LED등기구","D300","개",298,273000,81354000,"KCC자재","2026-05-25",null,"전기통신팀 담당","2026-04-25"]
["전기","통신공사","통신공사 부분작업","전-0047","UTP케이블","Type-A","식",376,985000,370360000,"태양건설","2026-05-11",null,"전기통신팀 담당","2026-04-25"]
["전기","통신공사","통신공사 부분작업","전-0048","광케이블","대형","ton",307,272000,83504000,"삼성설비상사","2026-05-15",null,"전기통신팀 담당","2026-04-25"]
["전기","조명","조명 부분작업","전-0049","센서등","150A","개",34,908000,30872000,"한일건설자재","2026-05-14",null,"전기통신팀 담당","2026-04-25"]
["전기","전기공사","전기공사 부분작업","전-0050","배전반","D300","kg",55,183000,10065000,"태양건설","2026-05-04",null,"전기통신팀 담당","2026-04-25"]
["전기","통신공사","통신공사 부분작업","전-0051","광케이블","100x100","ton",135,729000,98415000,"한일건설자재","2026-06-26",null,"전기통신팀 담당","2026-04-25"]
["전기","전기공사","전기공사 부분작업","전-0052","조명기구","Type-A","m",146,556000,81176000,"한솔건자재","2026-07-15",null,"전기통신팀 담당","2026-04-25"]
["전기","전기공사","전기공사 부분작업","전-0053","배전반","대형","개",400,630000,252000000,"삼성설비상사","2026-05-17",null,"전기통신팀 담당","2026-04-25"]
["전기","약전","약전 부분작업","전-0054","인터폰","일반형","m3",397,767000,304499000,"(주)대한건설자재","2026-05-23",null,"전기통신팀 담당","2026-04-25"]
["전기","통신공사","통신공사 부분작업","전-0055","UTP케이블","KS표준","m",5,96000,480000,"한솔건자재","2026-05-15",null,"전기통신팀 담당","2026-04-25"]
["전기","약전","약전 부분작업","전-0056","감지기","150A","set",3,179000,537000,"한솔건자재","2026-07-06",null,"전기통신팀 담당","2026-04-25"]
["전기","통신공사","통신공사 부분작업","전-0057","광케이블","D300","개",36,630000,22680000,"삼성설비상사","2026-06-16",null,"전기통신팀 담당","2026-04-25"]
["전기","전기공사","전기공사 부분작업","전-0058","케이블","D300","m",166,983000,163178000,"한솔건자재","2026-06-13",null,"전기통신팀 담당","2026-04-25"]
["전기","조명","조명 부분작업","전-0059","센서등","D300","kg",264,548000,144672000,"한솔건자재","2026-05-29",null,"전기통신팀 담당","2026-04-25"]
["전기","약전","약전 부분작업","전-0060","CCTV","KS표준","set",400,338000,135200000,"현대자재유통","2026-06-28",null,"전기통신팀 담당","2026-04-25"]
["전기","조명","조명 부분작업","전-0061","LED등기구","D300","m3",180,958000,172440000,"현대자재유통","2026-05-14",null,"전기통신팀 담당","2026-04-25"]
["전기","통신공사","통신공사 부분작업","전-0062","UTP케이블","중형","set",408,555000,226440000,"한솔건자재","2026-05-04",null,"전기통신팀 담당","2026-04-25"]
["전기","통신공사","통신공사 부분작업","전-0063","RJ45","Type-A","m",300,995000,298500000,"삼성설비상사","2026-07-11",null,"전기통신팀 담당","2026-04-25"]
["전기","전기공사","전기공사 부분작업","전-0064","조명기구","대형","개",303,236000,71508000,"KCC자재","2026-07-07",null,"전기통신팀 담당","2026-04-25"]
["전기","조명","조명 부분작업","전-0065","LED등기구","Type-A","식",412,371000,152852000,"현대자재유통","2026-05-20",null,"전기통신팀 담당","2026-04-25"]
["전기","통신공사","통신공사 부분작업","전-0066","RJ45","D300","개",215,947000,203605000,"한일건설자재","2026-06-22",null,"전기통신팀 담당","2026-04-25"]
["전기","약전","약전 부분작업","전-0067","CCTV","150A","m2",318,818000,260124000,"(주)대한건설자재","2026-05-08",null,"전기통신팀 담당","2026-04-25"]
["전기","통신공사","통신공사 부분작업","전-0068","UTP케이블","일반형","m",41,73000,2993000,"한일건설자재","2026-07-20",null,"전기통신팀 담당","2026-04-25"]
["전기","통신공사","통신공사 부분작업","전-0069","UTP케이블","D300","ton",147,100000,14700000,"삼성설비상사","2026-06-17",null,"전기통신팀 담당","2026-04-25"]
["전기","통신공사","통신공사 부분작업","전-0070","스위치허브","Type-B","ton",162,215000,34830000,"대성종합건자재","2026-06-09",null,"전기통신팀 담당","2026-04-25"]
["전기","통신공사","통신공사 부분작업","전-0071","UTP케이블","Type-A","m3",89,266000,23674000,"현대자재유통","2026-05-07",null,"전기통신팀 담당","2026-04-25"]
["전기","전기공사","전기공사 부분작업","전-0072","케이블","대형","m3",140,872000,122080000,"현대자재유통","2026-06-01",null,"전기통신팀 담당","2026-04-25"]
["전기","조명","조명 부분작업","전-0073","LED등기구","일반형","개",446,284000,126664000,"SK에너지자재","2026-05-03",null,"전기통신팀 담당","2026-04-25"]
["전기","통신공사","통신공사 부분작업","전-0074","광케이블","대형","ton",446,926000,412996000,"KCC자재","2026-05-11",null,"전기통신팀 담당","2026-04-25"]
["전기","조명","조명 부분작업","전-0075","비상등","D300","kg",36,921000,33156000,"KCC자재","2026-06-09",null,"전기통신팀 담당","2026-04-25"]
["전기","약전","약전 부분작업","전-0076","월패드","150A","개",352,702000,247104000,"삼성설비상사","2026-05-25",null,"전기통신팀 담당","2026-04-25"]
["전기","조명","조명 부분작업","전-0077","LED등기구","중형","m3",443,307000,136001000,"한일건설자재","2026-05-24",null,"전기통신팀 담당","2026-04-25"]
["전기","약전","약전 부분작업","전-0078","감지기","Type-A","식",466,10000,4660000,"현대자재유통","2026-06-18",null,"전기통신팀 담당","2026-04-25"]
["전기","통신공사","통신공사 부분작업","전-0079","RJ45","중형","식",74,317000,23458000,"SK에너지자재","2026-07-21",null,"전기통신팀 담당","2026-04-25"]
["전기","약전","약전 부분작업","전-0080","감지기","100x100","set",272,214000,58208000,"SK에너지자재","2026-05-08",null,"전기통신팀 담당","2026-04-25"]
["전기","전기공사","전기공사 부분작업","전-0081","조명기구","KS표준","m",328,141000,46248000,"삼성설비상사","2026-06-20",null,"전기통신팀 담당","2026-04-25"]
["전기","통신공사","통신공사 부분작업","전-0082","스위치허브","대형","개",41,102000,4182000,"한일건설자재","2026-05-14",null,"전기통신팀 담당","2026-04-25"]
["전기","전기공사","전기공사 부분작업","전-0083","전선관","100x100","m2",46,633000,29118000,"현대자재유통","2026-05-04",null,"전기통신팀 담당","2026-04-25"]
["전기","통신공사","통신공사 부분작업","전-0084","RJ45","고급형","개",177,667000,118059000,"KCC자재","2026-06-30",null,"전기통신팀 담당","2026-04-25"]
["전기","약전","약전 부분작업","전-0085","인터폰","KS표준","set",99,834000,82566000,"정원건설","2026-05-25",null,"전기통신팀 담당","2026-04-25"]
["전기","전기공사","전기공사 부분작업","전-0086","전선관","150A","식",215,214000,46010000,"한솔건자재","2026-07-09",null,"전기통신팀 담당","2026-04-25"]
["전기","약전","약전 부분작업","전-0087","CCTV","중형","m",267,886000,236562000,"정원건설","2026-06-18",null,"전기통신팀 담당","2026-04-25"]
["전기","약전","약전 부분작업","전-0088","CCTV","일반형","m",227,216000,49032000,"삼성설비상사","2026-06-03",null,"전기통신팀 담당","2026-04-25"]
["전기","전기공사","전기공사 부분작업","전-0089","케이블","100x100","m",314,639000,200646000,"정원건설","2026-07-22",null,"전기통신팀 담당","2026-04-25"]
["전기","통신공사","통신공사 부분작업","전-0090","광케이블","Type-A","개",21,438000,9198000,"한일건설자재","2026-05-05",null,"전기통신팀 담당","2026-04-25"]
["전기","약전","약전 부분작업","전-0091","월패드","일반형","m3",291,360000,104760000,"현대자재유통","2026-07-05",null,"전기통신팀 담당","2026-04-25"]
["전기","약전","약전 부분작업","전-0092","감지기","일반형","m2",375,552000,207000000,"한솔건자재","2026-07-09",null,"전기통신팀 담당","2026-04-25"]
["전기","전기공사","전기공사 부분작업","전-0093","조명기구","대형","m",398,576000,229248000,"현대자재유통","2026-06-29",null,"전기통신팀 담당","2026-04-25"]
["전기","전기공사","전기공사 부분작업","전-0094","배전반","D300","ton",250,915000,228750000,"한일건설자재","2026-06-10",null,"전기통신팀 담당","2026-04-25"]
["전기","전기공사","전기공사 부분작업","전-0095","조명기구","중형","m3",272,692000,188224000,"한솔건자재","2026-05-31",null,"전기통신팀 담당","2026-04-25"]
["전기","조명","조명 부분작업","전-0096","센서등","Type-B","식",334,537000,179358000,"삼성설비상사","2026-06-29",null,"전기통신팀 담당","2026-04-25"]
["전기","조명","조명 부분작업","전-0097","LED등기구","고급형","kg",228,331000,75468000,"삼성설비상사","2026-07-09",null,"전기통신팀 담당","2026-04-25"]
["전기","약전","약전 부분작업","전-0098","월패드","150A","m2",125,46000,5750000,"삼성설비상사","2026-07-12",null,"전기통신팀 담당","2026-04-25"]
["전기","통신공사","통신공사 부분작업","전-0099","UTP케이블","150A","식",298,241000,71818000,"삼성설비상사","2026-05-09",null,"전기통신팀 담당","2026-04-25"]
["전기","조명","조명 부분작업","전-0100","LED등기구","대형","ton",20,462000,9240000,"(주)대한건설자재","2026-05-28",null,"전기통신팀 담당","2026-04-25"]
["전기","통신공사","통신공사 부분작업","전-0101","RJ45","일반형","set",313,694000,217222000,"(주)대한건설자재","2026-07-12",null,"전기통신팀 담당","2026-04-25"]
["전기","전기공사","전기공사 부분작업","전-0102","조명기구","150A","m3",4,332000,1328000,"현대자재유통","2026-07-18",null,"전기통신팀 담당","2026-04-25"]
["전기","조명","조명 부분작업","전-0103","센서등","100x100","ton",159,525000,83475000,"현대자재유통","2026-05-28",null,"전기통신팀 담당","2026-04-25"]
["전기","전기공사","전기공사 부분작업","전-0104","케이블","중형","kg",22,84000,1848000,"KCC자재","2026-05-18",null,"전기통신팀 담당","2026-04-25"]
["전기","통신공사","통신공사 부분작업","전-0105","RJ45","Type-A","kg",230,342000,78660000,"삼성설비상사","2026-06-26",null,"전기통신팀 담당","2026-04-25"]
["전기","통신공사","통신공사 부분작업","전-0106","스위치허브","Type-B","m2",156,707000,110292000,"(주)대한건설자재","2026-05-06",null,"전기통신팀 담당","2026-04-25"]
["전기","통신공사","통신공사 부분작업","전-0107","스위치허브","100x100","m",44,867000,38148000,"(주)대한건설자재","2026-05-30",null,"전기통신팀 담당","2026-04-25"]
["전기","통신공사","통신공사 부분작업","전-0108","RJ45","150A","m2",120,186000,22320000,"한솔건자재","2026-06-30",null,"전기통신팀 담당","2026-04-25"]
["전기","조명","조명 부분작업","전-0109","센서등","Type-A","식",360,259000,93240000,"대성종합건자재","2026-05-02",null,"전기통신팀 담당","2026-04-25"]
["전기","조명","조명 부분작업","전-0110","비상등","D300","set",307,642000,197094000,"(주)대한건설자재","2026-06-18",null,"전기통신팀 담당","2026-04-25"]
["전기","통신공사","통신공사 부분작업","전-0111","광케이블","150A","식",137,425000,58225000,"현대자재유통","2026-05-07",null,"전기통신팀 담당","2026-04-25"]
["전기","통신공사","통신공사 부분작업","전-0112","RJ45","Type-B","ton",338,809000,273442000,"대성종합건자재","2026-05-26",null,"전기통신팀 담당","2026-04-25"]
["전기","전기공사","전기공사 부분작업","전-0113","배전반","대형","m3",30,441000,13230000,"SK에너지자재","2026-05-23",null,"전기통신팀 담당","2026-04-25"]
["전기","약전","약전 부분작업","전-0114","감지기","100x100","m",88,49000,4312000,"KCC자재","2026-06-24",null,"전기통신팀 담당","2026-04-25"]
["전기","전기공사","전기공사 부분작업","전-0115","케이블","고급형","kg",435,132000,57420000,"대성종합건자재","2026-07-16",null,"전기통신팀 담당","2026-04-25"]
["전기","조명","조명 부분작업","전-0116","LED등기구","100x100","m2",350,279000,97650000,"SK에너지자재","2026-06-23",null,"전기통신팀 담당","2026-04-25"]
["전기","통신공사","통신공사 부분작업","전-0117","광케이블","KS표준","m2",256,422000,108032000,"한일건설자재","2026-06-27",null,"전기통신팀 담당","2026-04-25"]
["전기","전기공사","전기공사 부분작업","전-0118","조명기구","Type-B","m2",249,740000,184260000,"한솔건자재","2026-05-27",null,"전기통신팀 담당","2026-04-25"]
["전기","약전","약전 부분작업","전-0119","감지기","일반형","m3",248,582000,144336000,"대성종합건자재","2026-06-05",null,"전기통신팀 담당","2026-04-25"]
["전기","전기공사","전기공사 부분작업","전-0120","조명기구","Type-A","m2",79,883000,69757000,"한일건설자재","2026-06-21",null,"전기통신팀 담당","2026-04-25"]
["전기","통신공사","통신공사 부분작업","전-0121","UTP케이블","Type-B","kg",318,315000,100170000,"현대자재유통","2026-07-10",null,"전기통신팀 담당","2026-04-25"]
["전기","조명","조명 부분작업","전-0122","비상등","고급형","kg",167,964000,160988000,"대성종합건자재","2026-07-13",null,"전기통신팀 담당","2026-04-25"]
["전기","약전","약전 부분작업","전-0123","감지기","중형","kg",176,754000,132704000,"현대자재유통","2026-06-29",null,"전기통신팀 담당","2026-04-25"]
["전기","전기공사","전기공사 부분작업","전-0124","전선관","Type-B","m",226,35000,7910000,"한일건설자재","2026-05-16",null,"전기통신팀 담당","2026-04-25"]
["전기","전기공사","전기공사 부분작업","전-0125","배전반","일반형","ton",326,113000,36838000,"태양건설","2026-05-20",null,"전기통신팀 담당","2026-04-25"]
["전기","전기공사","전기공사 부분작업","전-0126","조명기구","일반형","kg",400,608000,243200000,"(주)대한건설자재","2026-07-06",null,"전기통신팀 담당","2026-04-25"]
["전기","전기공사","전기공사 부분작업","전-0127","조명기구","D300","ton",483,766000,369978000,"삼성설비상사","2026-06-30",null,"전기통신팀 담당","2026-04-25"]
["전기","통신공사","통신공사 부분작업","전-0128","스위치허브","D300","식",329,838000,275702000,"SK에너지자재","2026-06-16",null,"전기통신팀 담당","2026-04-25"]
["전기","조명","조명 부분작업","전-0129","LED등기구","100x100","ton",477,217000,103509000,"삼성설비상사","2026-06-19",null,"전기통신팀 담당","2026-04-25"]
["전기","조명","조명 부분작업","전-0130","LED등기구","중형","m",381,272000,103632000,"정원건설","2026-06-01",null,"전기통신팀 담당","2026-04-25"]
["전기","약전","약전 부분작업","전-0131","인터폰","중형","m",130,335000,43550000,"삼성설비상사","2026-07-01",null,"전기통신팀 담당","2026-04-25"]
["전기","통신공사","통신공사 부분작업","전-0132","UTP케이블","고급형","m",159,41000,6519000,"한일건설자재","2026-07-18",null,"전기통신팀 담당","2026-04-25"]
["전기","통신공사","통신공사 부분작업","전-0133","RJ45","대형","ton",148,935000,138380000,"한솔건자재","2026-06-19",null,"전기통신팀 담당","2026-04-25"]
["전기","전기공사","전기공사 부분작업","전-0134","조명기구","Type-A","m",375,989000,370875000,"정원건설","2026-07-15",null,"전기통신팀 담당","2026-04-25"]
["전기","통신공사","통신공사 부분작업","전-0135","RJ45","150A","kg",171,39000,6669000,"삼성설비상사","2026-07-06",null,"전기통신팀 담당","2026-04-25"]
["전기","조명","조명 부분작업","전-0136","LED등기구","D300","식",92,953000,87676000,"삼성설비상사","2026-05-23",null,"전기통신팀 담당","2026-04-25"]
["전기","전기공사","전기공사 부분작업","전-0137","전선관","KS표준","m",266,705000,187530000,"(주)대한건설자재","2026-07-22",null,"전기통신팀 담당","2026-04-25"]
["전기","약전","약전 부분작업","전-0138","인터폰","150A","개",225,938000,211050000,"정원건설","2026-07-19",null,"전기통신팀 담당","2026-04-25"]
["전기","전기공사","전기공사 부분작업","전-0139","조명기구","D300","set",165,769000,126885000,"한일건설자재","2026-06-25",null,"전기통신팀 담당","2026-04-25"]
["전기","약전","약전 부분작업","전-0140","감지기","중형","식",363,183000,66429000,"대성종합건자재","2026-07-17",null,"전기통신팀 담당","2026-04-25"]
["전기","조명","조명 부분작업","전-0141","LED등기구","150A","식",207,625000,129375000,"SK에너지자재","2026-07-05",null,"전기통신팀 담당","2026-04-25"]
["전기","조명","조명 부분작업","전-0142","비상등","Type-B","m2",281,226000,63506000,"SK에너지자재","2026-06-08",null,"전기통신팀 담당","2026-04-25"]
["전기","통신공사","통신공사 부분작업","전-0143","광케이블","Type-A","개",84,377000,31668000,"정원건설","2026-05-31",null,"전기통신팀 담당","2026-04-25"]
["전기","약전","약전 부분작업","전-0144","CCTV","Type-B","m3",449,360000,161640000,"삼성설비상사","2026-07-10",null,"전기통신팀 담당","2026-04-25"]
["전기","조명","조명 부분작업","전-0145","LED등기구","일반형","kg",397,312000,123864000,"한일건설자재","2026-07-01",null,"전기통신팀 담당","2026-04-25"]
["전기","전기공사","전기공사 부분작업","전-0146","전선관","고급형","m3",497,168000,83496000,"(주)대한건설자재","2026-07-17",null,"전기통신팀 담당","2026-04-25"]
["전기","통신공사","통신공사 부분작업","전-0147","UTP케이블","일반형","m2",437,356000,155572000,"KCC자재","2026-06-16",null,"전기통신팀 담당","2026-04-25"]
["전기","약전","약전 부분작업","전-0148","CCTV","Type-A","m2",223,788000,175724000,"한솔건자재","2026-07-23",null,"전기통신팀 담당","2026-04-25"]
["전기","약전","약전 부분작업","전-0149","감지기","일반형","개",39,514000,20046000,"태양건설","2026-05-25",null,"전기통신팀 담당","2026-04-25"]
["전기","조명","조명 부분작업","전-0150","LED등기구","대형","ton",416,320000,133120000,"SK에너지자재","2026-05-28",null,"전기통신팀 담당","2026-04-25"]
["전기","통신공사","통신공사 부분작업","전-0151","스위치허브","일반형","m3",120,801000,96120000,"정원건설","2026-05-15",null,"전기통신팀 담당","2026-04-25"]
["전기","조명","조명 부분작업","전-0152","LED등기구","D300","개",62,38000,2356000,"삼성설비상사","2026-07-22",null,"전기통신팀 담당","2026-04-25"]
["전기","조명","조명 부분작업","전-0153","LED등기구","고급형","개",126,82000,10332000,"한솔건자재","2026-05-10",null,"전기통신팀 담당","2026-04-25"]
["전기","약전","약전 부분작업","전-0154","월패드","Type-A","m",44,600000,26400000,"KCC자재","2026-06-02",null,"전기통신팀 담당","2026-04-25"]
["전기","약전","약전 부분작업","전-0155","월패드","중형","ton",417,333000,138861000,"KCC자재","2026-06-25",null,"전기통신팀 담당","2026-04-25"]
["전기","약전","약전 부분작업","전-0156","CCTV","150A","m2",196,647000,126812000,"현대자재유통","2026-06-28",null,"전기통신팀 담당","2026-04-25"]
["전기","통신공사","통신공사 부분작업","전-0157","UTP케이블","Type-A","m",87,303000,26361000,"(주)대한건설자재","2026-07-03",null,"전기통신팀 담당","2026-04-25"]
["전기","약전","약전 부분작업","전-0158","감지기","대형","m2",38,673000,25574000,"(주)대한건설자재","2026-05-18",null,"전기통신팀 담당","2026-04-25"]
["전기","조명","조명 부분작업","전-0159","센서등","대형","ton",187,93000,17391000,"현대자재유통","2026-07-07",null,"전기통신팀 담당","2026-04-25"]
["전기","통신공사","통신공사 부분작업","전-0160","UTP케이블","고급형","m2",432,369000,159408000,"KCC자재","2026-05-06",null,"전기통신팀 담당","2026-04-25"]
["전기","전기공사","전기공사 부분작업","전-0161","조명기구","대형","kg",287,437000,125419000,"삼성설비상사","2026-05-11",null,"전기통신팀 담당","2026-04-25"]
["전기","약전","약전 부분작업","전-0162","감지기","고급형","set",242,347000,83974000,"한일건설자재","2026-05-26",null,"전기통신팀 담당","2026-04-25"]
["전기","전기공사","전기공사 부분작업","전-0163","전선관","D300","식",28,911000,25508000,"SK에너지자재","2026-05-19",null,"전기통신팀 담당","2026-04-25"]
["전기","전기공사","전기공사 부분작업","전-0164","케이블","D300","식",106,570000,60420000,"한솔건자재","2026-05-06",null,"전기통신팀 담당","2026-04-25"]
["전기","약전","약전 부분작업","전-0165","월패드","Type-B","개",343,268000,91924000,"태양건설","2026-06-08",null,"전기통신팀 담당","2026-04-25"]
["전기","통신공사","통신공사 부분작업","전-0166","광케이블","중형","m2",162,162000,26244000,"SK에너지자재","2026-06-09",null,"전기통신팀 담당","2026-04-25"]
["전기","약전","약전 부분작업","전-0167","감지기","일반형","kg",394,64000,25216000,"정원건설","2026-07-04",null,"전기통신팀 담당","2026-04-25"]
["전기","약전","약전 부분작업","전-0168","월패드","KS표준","m",484,520000,251680000,"정원건설","2026-05-21",null,"전기통신팀 담당","2026-04-25"]
["전기","조명","조명 부분작업","전-0169","비상등","Type-A","식",311,535000,166385000,"태양건설","2026-06-05",null,"전기통신팀 담당","2026-04-25"]
["전기","전기공사","전기공사 부분작업","전-0170","배전반","중형","m3",236,866000,204376000,"한솔건자재","2026-07-21",null,"전기통신팀 담당","2026-04-25"]
["전기","전기공사","전기공사 부분작업","전-0171","조명기구","대형","m2",381,43000,16383000,"삼성설비상사","2026-05-07",null,"전기통신팀 담당","2026-04-25"]
["전기","약전","약전 부분작업","전-0172","인터폰","Type-B","set",298,274000,81652000,"대성종합건자재","2026-05-03",null,"전기통신팀 담당","2026-04-25"]
["전기","전기공사","전기공사 부분작업","전-0173","케이블","D300","m3",151,630000,95130000,"한솔건자재","2026-06-01",null,"전기통신팀 담당","2026-04-25"]
["전기","통신공사","통신공사 부분작업","전-0174","광케이블","대형","식",473,412000,194876000,"삼성설비상사","2026-07-10",null,"전기통신팀 담당","2026-04-25"]
["전기","조명","조명 부분작업","전-0175","센서등","Type-A","set",368,489000,179952000,"대성종합건자재","2026-07-23",null,"전기통신팀 담당","2026-04-25"]
["전기","약전","약전 부분작업","전-0176","감지기","고급형","식",97,700000,67900000,"한솔건자재","2026-05-12",null,"전기통신팀 담당","2026-04-25"]
["전기","전기공사","전기공사 부분작업","전-0177","배전반","D300","m",221,284000,62764000,"태양건설","2026-05-25",null,"전기통신팀 담당","2026-04-25"]
["전기","통신공사","통신공사 부분작업","전-0178","UTP케이블","고급형","m2",302,594000,179388000,"현대자재유통","2026-06-03",null,"전기통신팀 담당","2026-04-25"]
["전기","조명","조명 부분작업","전-0179","LED등기구","일반형","set",420,527000,221340000,"삼성설비상사","2026-05-08",null,"전기통신팀 담당","2026-04-25"]
["전기","통신공사","통신공사 부분작업","전-0180","UTP케이블","Type-B","m3",376,180000,67680000,"현대자재유통","2026-06-11",null,"전기통신팀 담당","2026-04-25"]
["전기","통신공사","통신공사 부분작업","전-0181","UTP케이블","KS표준","kg",200,21000,4200000,"SK에너지자재","2026-06-21",null,"전기통신팀 담당","2026-04-25"]
["전기","전기공사","전기공사 부분작업","전-0182","조명기구","고급형","m",129,100000,12900000,"SK에너지자재","2026-07-12",null,"전기통신팀 담당","2026-04-25"]
["전기","통신공사","통신공사 부분작업","전-0183","스위치허브","대형","식",337,931000,313747000,"삼성설비상사","2026-05-11",null,"전기통신팀 담당","2026-04-25"]
["전기","약전","약전 부분작업","전-0184","월패드","100x100","개",69,157000,10833000,"한일건설자재","2026-07-23",null,"전기통신팀 담당","2026-04-25"]
["전기","조명","조명 부분작업","전-0185","비상등","D300","m",283,276000,78108000,"정원건설","2026-06-24",null,"전기통신팀 담당","2026-04-25"]
["전기","통신공사","통신공사 부분작업","전-0186","스위치허브","KS표준","식",368,954000,351072000,"한솔건자재","2026-06-22",null,"전기통신팀 담당","2026-04-25"]
["전기","통신공사","통신공사 부분작업","전-0187","스위치허브","KS표준","m",95,488000,46360000,"한솔건자재","2026-06-23",null,"전기통신팀 담당","2026-04-25"]
["전기","약전","약전 부분작업","전-0188","CCTV","고급형","m2",237,389000,92193000,"대성종합건자재","2026-07-13",null,"전기통신팀 담당","2026-04-25"]
["전기","약전","약전 부분작업","전-0189","CCTV","Type-A","m3",143,91000,13013000,"SK에너지자재","2026-06-03",null,"전기통신팀 담당","2026-04-25"]
["전기","통신공사","통신공사 부분작업","전-0190","RJ45","D300","m",37,597000,22089000,"SK에너지자재","2026-07-13",null,"전기통신팀 담당","2026-04-25"]
["전기","약전","약전 부분작업","전-0191","감지기","중형","kg",160,261000,41760000,"한솔건자재","2026-07-03",null,"전기통신팀 담당","2026-04-25"]
["전기","전기공사","전기공사 부분작업","전-0192","케이블","중형","식",128,525000,67200000,"현대자재유통","2026-06-30",null,"전기통신팀 담당","2026-04-25"]
["전기","약전","약전 부분작업","전-0193","CCTV","중형","set",434,315000,136710000,"SK에너지자재","2026-07-20",null,"전기통신팀 담당","2026-04-25"]
["전기","통신공사","통신공사 부분작업","전-0194","스위치허브","Type-B","kg",454,557000,252878000,"한일건설자재","2026-06-06",null,"전기통신팀 담당","2026-04-25"]
["전기","전기공사","전기공사 부분작업","전-0195","케이블","KS표준","m3",215,606000,130290000,"한일건설자재","2026-05-31",null,"전기통신팀 담당","2026-04-25"]
["전기","통신공사","통신공사 부분작업","전-0196","RJ45","D300","개",407,655000,266585000,"현대자재유통","2026-07-20",null,"전기통신팀 담당","2026-04-25"]
["전기","약전","약전 부분작업","전-0197","인터폰","Type-B","개",262,440000,115280000,"(주)대한건설자재","2026-07-06",null,"전기통신팀 담당","2026-04-25"]
["전기","전기공사","전기공사 부분작업","전-0198","조명기구","고급형","set",240,954000,228960000,"한솔건자재","2026-06-02",null,"전기통신팀 담당","2026-04-25"]
["전기","약전","약전 부분작업","전-0199","CCTV","Type-A","개",81,627000,50787000,"삼성설비상사","2026-05-31",null,"전기통신팀 담당","2026-04-25"]
["전기","조명","조명 부분작업","전-0200","비상등","100x100","m3",372,238000,88536000,"현대자재유통","2026-05-28",null,"전기통신팀 담당","2026-04-25"]
["조경","휀스","휀스 부분작업","조-0001","담장","D300","개",132,462000,60984000,"한솔건자재","2026-05-10",null,"조경마감팀 담당","2026-04-25"]
["조경","식재","식재 부분작업","조-0002","잔디","Type-A","m2",363,680000,246840000,"한솔건자재","2026-05-05",null,"조경마감팀 담당","2026-04-25"]
["조경","조경공사","조경공사 부분작업","조-0003","관목","Type-B","set",279,34000,9486000,"한솔건자재","2026-06-15",null,"조경마감팀 담당","2026-04-25"]
["조경","휀스","휀스 부분작업","조-0004","담장","대형","kg",253,468000,118404000,"(주)대한건설자재","2026-05-30",null,"조경마감팀 담당","2026-04-25"]
["조경","식재","식재 부분작업","조-0005","철쭉","중형","식",138,793000,109434000,"현대자재유통","2026-05-15",null,"조경마감팀 담당","2026-04-25"]
["조경","휀스","휀스 부분작업","조-0006","담장","대형","m3",332,861000,285852000,"태양건설","2026-07-02",null,"조경마감팀 담당","2026-04-25"]
["조경","휀스","휀스 부분작업","조-0007","휀스","KS표준","m3",383,181000,69323000,"KCC자재","2026-05-24",null,"조경마감팀 담당","2026-04-25"]
["조경","조경공사","조경공사 부분작업","조-0008","관목","Type-B","m",394,90000,35460000,"태양건설","2026-06-27",null,"조경마감팀 담당","2026-04-25"]
["조경","식재","식재 부분작업","조-0009","철쭉","KS표준","ton",51,218000,11118000,"KCC자재","2026-06-29",null,"조경마감팀 담당","2026-04-25"]
["조경","외부포장","외부포장 부분작업","조-0010","아스콘","150A","m3",37,212000,7844000,"한솔건자재","2026-06-29",null,"조경마감팀 담당","2026-04-25"]
["조경","휀스","휀스 부분작업","조-0011","담장","일반형","m3",214,495000,105930000,"한일건설자재","2026-06-27",null,"조경마감팀 담당","2026-04-25"]
["조경","외부포장","외부포장 부분작업","조-0012","경계블록","150A","ton",159,798000,126882000,"SK에너지자재","2026-07-12",null,"조경마감팀 담당","2026-04-25"]
["조경","외부포장","외부포장 부분작업","조-0013","아스콘","D300","개",146,451000,65846000,"태양건설","2026-06-22",null,"조경마감팀 담당","2026-04-25"]
["조경","외부포장","외부포장 부분작업","조-0014","경계블록","100x100","m2",86,201000,17286000,"현대자재유통","2026-07-07",null,"조경마감팀 담당","2026-04-25"]
["조경","휀스","휀스 부분작업","조-0015","휀스","KS표준","kg",59,980000,57820000,"삼성설비상사","2026-05-04",null,"조경마감팀 담당","2026-04-25"]
["조경","휀스","휀스 부분작업","조-0016","휀스기둥","중형","kg",287,633000,181671000,"SK에너지자재","2026-05-24",null,"조경마감팀 담당","2026-04-25"]
["조경","조경공사","조경공사 부분작업","조-0017","교목","100x100","kg",72,825000,59400000,"대성종합건자재","2026-07-13",null,"조경마감팀 담당","2026-04-25"]
["조경","외부포장","외부포장 부분작업","조-0018","경계블록","D300","개",8,119000,952000,"한일건설자재","2026-06-19",null,"조경마감팀 담당","2026-04-25"]
["조경","휀스","휀스 부분작업","조-0019","담장","KS표준","m3",399,520000,207480000,"KCC자재","2026-06-04",null,"조경마감팀 담당","2026-04-25"]
["조경","조경공사","조경공사 부분작업","조-0020","교목","중형","m2",33,850000,28050000,"(주)대한건설자재","2026-06-11",null,"조경마감팀 담당","2026-04-25"]
["조경","조경공사","조경공사 부분작업","조-0021","잔디","150A","개",12,402000,4824000,"태양건설","2026-06-07",null,"조경마감팀 담당","2026-04-25"]
["조경","조경공사","조경공사 부분작업","조-0022","잔디","150A","kg",238,159000,37842000,"(주)대한건설자재","2026-07-16",null,"조경마감팀 담당","2026-04-25"]
["조경","휀스","휀스 부분작업","조-0023","담장","150A","식",379,833000,315707000,"대성종합건자재","2026-06-04",null,"조경마감팀 담당","2026-04-25"]
["조경","휀스","휀스 부분작업","조-0024","담장","150A","개",403,19000,7657000,"한솔건자재","2026-06-07",null,"조경마감팀 담당","2026-04-25"]
["조경","조경공사","조경공사 부분작업","조-0025","교목","D300","kg",290,479000,138910000,"한일건설자재","2026-06-30",null,"조경마감팀 담당","2026-04-25"]
["조경","외부포장","외부포장 부분작업","조-0026","아스콘","KS표준","식",477,981000,467937000,"정원건설","2026-07-13",null,"조경마감팀 담당","2026-04-25"]
["조경","조경공사","조경공사 부분작업","조-0027","교목","일반형","m",91,310000,28210000,"KCC자재","2026-05-11",null,"조경마감팀 담당","2026-04-25"]
["조경","조경공사","조경공사 부분작업","조-0028","잔디","150A","m",322,558000,179676000,"태양건설","2026-05-29",null,"조경마감팀 담당","2026-04-25"]
["조경","조경공사","조경공사 부분작업","조-0029","관목","100x100","m2",12,204000,2448000,"SK에너지자재","2026-07-16",null,"조경마감팀 담당","2026-04-25"]
["조경","휀스","휀스 부분작업","조-0030","휀스기둥","대형","m",315,810000,255150000,"대성종합건자재","2026-06-05",null,"조경마감팀 담당","2026-04-25"]
["조경","휀스","휀스 부분작업","조-0031","휀스","100x100","식",3,534000,1602000,"삼성설비상사","2026-07-23",null,"조경마감팀 담당","2026-04-25"]
["조경","조경공사","조경공사 부분작업","조-0032","교목","대형","m2",424,308000,130592000,"(주)대한건설자재","2026-06-22",null,"조경마감팀 담당","2026-04-25"]
["조경","휀스","휀스 부분작업","조-0033","휀스기둥","일반형","kg",263,478000,125714000,"한솔건자재","2026-07-09",null,"조경마감팀 담당","2026-04-25"]
["조경","조경공사","조경공사 부분작업","조-0034","교목","고급형","ton",375,402000,150750000,"대성종합건자재","2026-07-17",null,"조경마감팀 담당","2026-04-25"]
["조경","조경공사","조경공사 부분작업","조-0035","관목","대형","kg",241,928000,223648000,"SK에너지자재","2026-07-07",null,"조경마감팀 담당","2026-04-25"]
["조경","외부포장","외부포장 부분작업","조-0036","아스콘","대형","개",63,885000,55755000,"(주)대한건설자재","2026-07-18",null,"조경마감팀 담당","2026-04-25"]
["조경","휀스","휀스 부분작업","조-0037","휀스기둥","KS표준","kg",237,622000,147414000,"한솔건자재","2026-05-31",null,"조경마감팀 담당","2026-04-25"]
["조경","외부포장","외부포장 부분작업","조-0038","화강석포장","Type-B","set",251,33000,8283000,"삼성설비상사","2026-07-15",null,"조경마감팀 담당","2026-04-25"]
["조경","조경공사","조경공사 부분작업","조-0039","조경석","Type-B","식",443,315000,139545000,"현대자재유통","2026-07-13",null,"조경마감팀 담당","2026-04-25"]
["조경","식재","식재 부분작업","조-0040","잔디","KS표준","개",161,845000,136045000,"태양건설","2026-07-14",null,"조경마감팀 담당","2026-04-25"]
["조경","조경공사","조경공사 부분작업","조-0041","관목","150A","kg",443,736000,326048000,"대성종합건자재","2026-05-06",null,"조경마감팀 담당","2026-04-25"]
["조경","조경공사","조경공사 부분작업","조-0042","잔디","100x100","ton",498,427000,212646000,"삼성설비상사","2026-07-10",null,"조경마감팀 담당","2026-04-25"]
["조경","외부포장","외부포장 부분작업","조-0043","경계블록","대형","set",60,421000,25260000,"(주)대한건설자재","2026-06-17",null,"조경마감팀 담당","2026-04-25"]
["조경","식재","식재 부분작업","조-0044","소나무","Type-B","set",329,824000,271096000,"(주)대한건설자재","2026-05-17",null,"조경마감팀 담당","2026-04-25"]
["조경","조경공사","조경공사 부분작업","조-0045","조경석","일반형","m2",342,437000,149454000,"(주)대한건설자재","2026-07-06",null,"조경마감팀 담당","2026-04-25"]
["조경","식재","식재 부분작업","조-0046","느티나무","100x100","kg",294,907000,266658000,"한솔건자재","2026-05-12",null,"조경마감팀 담당","2026-04-25"]
["조경","조경공사","조경공사 부분작업","조-0047","조경석","KS표준","개",183,733000,134139000,"KCC자재","2026-06-23",null,"조경마감팀 담당","2026-04-25"]
["조경","휀스","휀스 부분작업","조-0048","휀스","KS표준","m",267,509000,135903000,"대성종합건자재","2026-06-12",null,"조경마감팀 담당","2026-04-25"]
["조경","식재","식재 부분작업","조-0049","철쭉","100x100","set",290,896000,259840000,"현대자재유통","2026-07-05",null,"조경마감팀 담당","2026-04-25"]
["조경","식재","식재 부분작업","조-0050","느티나무","일반형","m2",53,218000,11554000,"정원건설","2026-07-15",null,"조경마감팀 담당","2026-04-25"]
["조경","조경공사","조경공사 부분작업","조-0051","잔디","100x100","m3",483,974000,470442000,"한솔건자재","2026-07-09",null,"조경마감팀 담당","2026-04-25"]
["조경","조경공사","조경공사 부분작업","조-0052","관목","150A","set",215,756000,162540000,"삼성설비상사","2026-05-18",null,"조경마감팀 담당","2026-04-25"]
["조경","휀스","휀스 부분작업","조-0053","담장","중형","개",116,932000,108112000,"한일건설자재","2026-05-30",null,"조경마감팀 담당","2026-04-25"]
["조경","조경공사","조경공사 부분작업","조-0054","조경석","대형","식",240,352000,84480000,"한일건설자재","2026-07-11",null,"조경마감팀 담당","2026-04-25"]
["조경","조경공사","조경공사 부분작업","조-0055","관목","일반형","m2",409,877000,358693000,"한일건설자재","2026-05-06",null,"조경마감팀 담당","2026-04-25"]
["조경","휀스","휀스 부분작업","조-0056","담장","Type-A","m",281,248000,69688000,"SK에너지자재","2026-06-12",null,"조경마감팀 담당","2026-04-25"]
["조경","조경공사","조경공사 부분작업","조-0057","교목","Type-B","m",211,926000,195386000,"태양건설","2026-07-09",null,"조경마감팀 담당","2026-04-25"]
["조경","외부포장","외부포장 부분작업","조-0058","경계블록","고급형","set",83,148000,12284000,"SK에너지자재","2026-07-18",null,"조경마감팀 담당","2026-04-25"]
["조경","외부포장","외부포장 부분작업","조-0059","아스콘","100x100","m",129,795000,102555000,"SK에너지자재","2026-06-06",null,"조경마감팀 담당","2026-04-25"]
["조경","식재","식재 부분작업","조-0060","느티나무","일반형","m2",132,182000,24024000,"KCC자재","2026-07-02",null,"조경마감팀 담당","2026-04-25"]
["조경","외부포장","외부포장 부분작업","조-0061","아스콘","Type-A","m2",122,238000,29036000,"대성종합건자재","2026-07-14",null,"조경마감팀 담당","2026-04-25"]
["조경","식재","식재 부분작업","조-0062","잔디","Type-B","m2",169,647000,109343000,"한솔건자재","2026-06-18",null,"조경마감팀 담당","2026-04-25"]
["조경","식재","식재 부분작업","조-0063","철쭉","고급형","개",79,27000,2133000,"삼성설비상사","2026-06-24",null,"조경마감팀 담당","2026-04-25"]
["조경","식재","식재 부분작업","조-0064","잔디","Type-B","식",296,290000,85840000,"한일건설자재","2026-05-30",null,"조경마감팀 담당","2026-04-25"]
["조경","휀스","휀스 부분작업","조-0065","휀스","KS표준","kg",455,908000,413140000,"태양건설","2026-06-08",null,"조경마감팀 담당","2026-04-25"]
["조경","조경공사","조경공사 부분작업","조-0066","조경석","대형","m3",434,908000,394072000,"(주)대한건설자재","2026-06-24",null,"조경마감팀 담당","2026-04-25"]
["조경","휀스","휀스 부분작업","조-0067","담장","KS표준","m3",256,712000,182272000,"한일건설자재","2026-06-30",null,"조경마감팀 담당","2026-04-25"]
["조경","식재","식재 부분작업","조-0068","잔디","D300","m3",120,743000,89160000,"삼성설비상사","2026-05-14",null,"조경마감팀 담당","2026-04-25"]
["조경","식재","식재 부분작업","조-0069","잔디","KS표준","m3",251,36000,9036000,"태양건설","2026-06-21",null,"조경마감팀 담당","2026-04-25"]
["조경","조경공사","조경공사 부분작업","조-0070","교목","Type-B","set",77,659000,50743000,"KCC자재","2026-07-03",null,"조경마감팀 담당","2026-04-25"]
["조경","외부포장","외부포장 부분작업","조-0071","화강석포장","100x100","kg",214,32000,6848000,"한솔건자재","2026-07-11",null,"조경마감팀 담당","2026-04-25"]
["조경","외부포장","외부포장 부분작업","조-0072","화강석포장","중형","m",70,127000,8890000,"삼성설비상사","2026-05-28",null,"조경마감팀 담당","2026-04-25"]
["조경","식재","식재 부분작업","조-0073","느티나무","D300","m",493,552000,272136000,"현대자재유통","2026-07-09",null,"조경마감팀 담당","2026-04-25"]
["조경","외부포장","외부포장 부분작업","조-0074","경계블록","대형","m",352,634000,223168000,"한일건설자재","2026-06-05",null,"조경마감팀 담당","2026-04-25"]
["조경","조경공사","조경공사 부분작업","조-0075","조경석","일반형","set",459,467000,214353000,"KCC자재","2026-05-09",null,"조경마감팀 담당","2026-04-25"]
["조경","조경공사","조경공사 부분작업","조-0076","관목","KS표준","개",131,345000,45195000,"대성종합건자재","2026-07-17",null,"조경마감팀 담당","2026-04-25"]
["조경","식재","식재 부분작업","조-0077","소나무","100x100","m2",102,483000,49266000,"KCC자재","2026-05-05",null,"조경마감팀 담당","2026-04-25"]
["조경","조경공사","조경공사 부분작업","조-0078","잔디","대형","ton",279,542000,151218000,"현대자재유통","2026-06-19",null,"조경마감팀 담당","2026-04-25"]
["조경","외부포장","외부포장 부분작업","조-0079","경계블록","중형","개",80,334000,26720000,"대성종합건자재","2026-06-08",null,"조경마감팀 담당","2026-04-25"]
["조경","외부포장","외부포장 부분작업","조-0080","경계블록","일반형","set",119,72000,8568000,"한일건설자재","2026-07-04",null,"조경마감팀 담당","2026-04-25"]
["조경","식재","식재 부분작업","조-0081","느티나무","100x100","개",303,121000,36663000,"삼성설비상사","2026-05-30",null,"조경마감팀 담당","2026-04-25"]
["조경","휀스","휀스 부분작업","조-0082","휀스기둥","중형","set",376,555000,208680000,"한일건설자재","2026-05-18",null,"조경마감팀 담당","2026-04-25"]
["조경","식재","식재 부분작업","조-0083","소나무","100x100","set",429,342000,146718000,"KCC자재","2026-06-26",null,"조경마감팀 담당","2026-04-25"]
["조경","식재","식재 부분작업","조-0084","느티나무","Type-A","kg",466,855000,398430000,"한솔건자재","2026-05-14",null,"조경마감팀 담당","2026-04-25"]
["조경","휀스","휀스 부분작업","조-0085","휀스기둥","D300","개",125,122000,15250000,"정원건설","2026-07-03",null,"조경마감팀 담당","2026-04-25"]
["조경","조경공사","조경공사 부분작업","조-0086","조경석","대형","ton",335,487000,163145000,"태양건설","2026-06-07",null,"조경마감팀 담당","2026-04-25"]
["조경","외부포장","외부포장 부분작업","조-0087","화강석포장","일반형","m3",440,657000,289080000,"정원건설","2026-06-08",null,"조경마감팀 담당","2026-04-25"]
["조경","식재","식재 부분작업","조-0088","철쭉","D300","개",335,373000,124955000,"대성종합건자재","2026-06-03",null,"조경마감팀 담당","2026-04-25"]
["조경","식재","식재 부분작업","조-0089","느티나무","일반형","kg",85,524000,44540000,"정원건설","2026-07-08",null,"조경마감팀 담당","2026-04-25"]
["조경","외부포장","외부포장 부분작업","조-0090","화강석포장","대형","식",233,535000,124655000,"정원건설","2026-07-07",null,"조경마감팀 담당","2026-04-25"]
["조경","조경공사","조경공사 부분작업","조-0091","교목","KS표준","m3",440,295000,129800000,"삼성설비상사","2026-07-06",null,"조경마감팀 담당","2026-04-25"]
["조경","휀스","휀스 부분작업","조-0092","휀스","일반형","m3",193,950000,183350000,"(주)대한건설자재","2026-07-05",null,"조경마감팀 담당","2026-04-25"]
["조경","외부포장","외부포장 부분작업","조-0093","아스콘","Type-A","ton",7,896000,6272000,"삼성설비상사","2026-05-27",null,"조경마감팀 담당","2026-04-25"]
["조경","조경공사","조경공사 부분작업","조-0094","조경석","고급형","m2",449,194000,87106000,"정원건설","2026-05-22",null,"조경마감팀 담당","2026-04-25"]
["조경","휀스","휀스 부분작업","조-0095","휀스","100x100","식",181,825000,149325000,"한일건설자재","2026-07-09",null,"조경마감팀 담당","2026-04-25"]
["조경","식재","식재 부분작업","조-0096","잔디","150A","ton",148,327000,48396000,"대성종합건자재","2026-07-07",null,"조경마감팀 담당","2026-04-25"]
["조경","휀스","휀스 부분작업","조-0097","담장","일반형","set",213,843000,179559000,"KCC자재","2026-07-22",null,"조경마감팀 담당","2026-04-25"]
["조경","식재","식재 부분작업","조-0098","소나무","중형","식",267,822000,219474000,"한솔건자재","2026-07-11",null,"조경마감팀 담당","2026-04-25"]
["조경","휀스","휀스 부분작업","조-0099","담장","중형","m2",398,428000,170344000,"대성종합건자재","2026-07-16",null,"조경마감팀 담당","2026-04-25"]
["조경","외부포장","외부포장 부분작업","조-0100","화강석포장","일반형","m",68,34000,2312000,"(주)대한건설자재","2026-05-08",null,"조경마감팀 담당","2026-04-25"]
["조경","휀스","휀스 부분작업","조-0101","휀스","D300","set",109,1000,109000,"한솔건자재","2026-07-06",null,"조경마감팀 담당","2026-04-25"]
["조경","조경공사","조경공사 부분작업","조-0102","조경석","대형","식",321,794000,254874000,"삼성설비상사","2026-06-06",null,"조경마감팀 담당","2026-04-25"]
["조경","휀스","휀스 부분작업","조-0103","휀스","Type-B","m",167,983000,164161000,"(주)대한건설자재","2026-07-17",null,"조경마감팀 담당","2026-04-25"]
["조경","조경공사","조경공사 부분작업","조-0104","교목","고급형","ton",470,456000,214320000,"한솔건자재","2026-06-30",null,"조경마감팀 담당","2026-04-25"]
["조경","조경공사","조경공사 부분작업","조-0105","조경석","D300","m3",365,972000,354780000,"태양건설","2026-07-20",null,"조경마감팀 담당","2026-04-25"]
["조경","조경공사","조경공사 부분작업","조-0106","관목","중형","m3",262,750000,196500000,"삼성설비상사","2026-05-16",null,"조경마감팀 담당","2026-04-25"]
["조경","외부포장","외부포장 부분작업","조-0107","경계블록","중형","ton",380,698000,265240000,"KCC자재","2026-07-03",null,"조경마감팀 담당","2026-04-25"]
["조경","조경공사","조경공사 부분작업","조-0108","관목","150A","ton",496,673000,333808000,"한솔건자재","2026-06-29",null,"조경마감팀 담당","2026-04-25"]
["조경","조경공사","조경공사 부분작업","조-0109","조경석","100x100","m3",405,724000,293220000,"태양건설","2026-07-09",null,"조경마감팀 담당","2026-04-25"]
["조경","외부포장","외부포장 부분작업","조-0110","아스콘","일반형","개",349,379000,132271000,"대성종합건자재","2026-07-09",null,"조경마감팀 담당","2026-04-25"]
["조경","휀스","휀스 부분작업","조-0111","휀스","150A","m2",465,624000,290160000,"정원건설","2026-07-23",null,"조경마감팀 담당","2026-04-25"]
["조경","조경공사","조경공사 부분작업","조-0112","잔디","150A","m3",317,480000,152160000,"정원건설","2026-06-11",null,"조경마감팀 담당","2026-04-25"]
["조경","식재","식재 부분작업","조-0113","느티나무","일반형","m",392,735000,288120000,"SK에너지자재","2026-05-23",null,"조경마감팀 담당","2026-04-25"]
["조경","식재","식재 부분작업","조-0114","잔디","일반형","m2",274,615000,168510000,"(주)대한건설자재","2026-06-19",null,"조경마감팀 담당","2026-04-25"]
["조경","식재","식재 부분작업","조-0115","느티나무","100x100","ton",256,377000,96512000,"KCC자재","2026-06-29",null,"조경마감팀 담당","2026-04-25"]
["조경","휀스","휀스 부분작업","조-0116","휀스","150A","m3",60,135000,8100000,"현대자재유통","2026-07-07",null,"조경마감팀 담당","2026-04-25"]
["조경","식재","식재 부분작업","조-0117","잔디","Type-A","개",44,66000,2904000,"(주)대한건설자재","2026-05-07",null,"조경마감팀 담당","2026-04-25"]
["조경","휀스","휀스 부분작업","조-0118","담장","D300","ton",343,510000,174930000,"대성종합건자재","2026-07-03",null,"조경마감팀 담당","2026-04-25"]
["조경","조경공사","조경공사 부분작업","조-0119","조경석","대형","개",64,800000,51200000,"정원건설","2026-07-22",null,"조경마감팀 담당","2026-04-25"]
["조경","식재","식재 부분작업","조-0120","소나무","Type-B","kg",286,792000,226512000,"현대자재유통","2026-06-24",null,"조경마감팀 담당","2026-04-25"]
["조경","조경공사","조경공사 부분작업","조-0121","교목","Type-A","set",427,936000,399672000,"대성종합건자재","2026-06-29",null,"조경마감팀 담당","2026-04-25"]
["조경","외부포장","외부포장 부분작업","조-0122","화강석포장","Type-B","m3",343,540000,185220000,"(주)대한건설자재","2026-06-30",null,"조경마감팀 담당","2026-04-25"]
["조경","외부포장","외부포장 부분작업","조-0123","경계블록","고급형","개",169,74000,12506000,"태양건설","2026-06-16",null,"조경마감팀 담당","2026-04-25"]
["조경","휀스","휀스 부분작업","조-0124","휀스","일반형","m3",481,231000,111111000,"대성종합건자재","2026-06-26",null,"조경마감팀 담당","2026-04-25"]
["조경","조경공사","조경공사 부분작업","조-0125","잔디","Type-B","m3",208,560000,116480000,"정원건설","2026-05-22",null,"조경마감팀 담당","2026-04-25"]
["조경","조경공사","조경공사 부분작업","조-0126","잔디","Type-B","kg",50,364000,18200000,"SK에너지자재","2026-05-24",null,"조경마감팀 담당","2026-04-25"]
["조경","외부포장","외부포장 부분작업","조-0127","아스콘","Type-A","ton",201,46000,9246000,"SK에너지자재","2026-06-06",null,"조경마감팀 담당","2026-04-25"]
["조경","식재","식재 부분작업","조-0128","소나무","대형","개",316,997000,315052000,"KCC자재","2026-05-22",null,"조경마감팀 담당","2026-04-25"]
["조경","조경공사","조경공사 부분작업","조-0129","조경석","Type-B","식",406,470000,190820000,"SK에너지자재","2026-07-21",null,"조경마감팀 담당","2026-04-25"]
["조경","조경공사","조경공사 부분작업","조-0130","잔디","Type-A","ton",213,837000,178281000,"대성종합건자재","2026-05-28",null,"조경마감팀 담당","2026-04-25"]
["조경","조경공사","조경공사 부분작업","조-0131","조경석","일반형","m3",473,324000,153252000,"삼성설비상사","2026-06-30",null,"조경마감팀 담당","2026-04-25"]
["조경","외부포장","외부포장 부분작업","조-0132","아스콘","150A","kg",180,820000,147600000,"태양건설","2026-06-14",null,"조경마감팀 담당","2026-04-25"]
["조경","외부포장","외부포장 부분작업","조-0133","아스콘","KS표준","개",254,663000,168402000,"대성종합건자재","2026-05-09",null,"조경마감팀 담당","2026-04-25"]
["조경","외부포장","외부포장 부분작업","조-0134","경계블록","KS표준","m",235,62000,14570000,"(주)대한건설자재","2026-06-22",null,"조경마감팀 담당","2026-04-25"]
["조경","휀스","휀스 부분작업","조-0135","휀스기둥","일반형","m3",31,155000,4805000,"삼성설비상사","2026-06-10",null,"조경마감팀 담당","2026-04-25"]
["조경","조경공사","조경공사 부분작업","조-0136","조경석","Type-B","m3",190,435000,82650000,"태양건설","2026-06-28",null,"조경마감팀 담당","2026-04-25"]
["조경","조경공사","조경공사 부분작업","조-0137","조경석","Type-B","개",399,388000,154812000,"한솔건자재","2026-07-08",null,"조경마감팀 담당","2026-04-25"]
["조경","휀스","휀스 부분작업","조-0138","휀스기둥","100x100","식",332,13000,4316000,"삼성설비상사","2026-06-27",null,"조경마감팀 담당","2026-04-25"]
["조경","외부포장","외부포장 부분작업","조-0139","화강석포장","D300","m2",106,14000,1484000,"대성종합건자재","2026-05-18",null,"조경마감팀 담당","2026-04-25"]
["조경","식재","식재 부분작업","조-0140","느티나무","일반형","m",385,945000,363825000,"KCC자재","2026-06-23",null,"조경마감팀 담당","2026-04-25"]
["조경","휀스","휀스 부분작업","조-0141","담장","KS표준","m2",89,984000,87576000,"한솔건자재","2026-06-29",null,"조경마감팀 담당","2026-04-25"]
["조경","휀스","휀스 부분작업","조-0142","휀스","중형","ton",322,662000,213164000,"한솔건자재","2026-07-03",null,"조경마감팀 담당","2026-04-25"]
["조경","조경공사","조경공사 부분작업","조-0143","교목","Type-B","set",326,125000,40750000,"대성종합건자재","2026-06-13",null,"조경마감팀 담당","2026-04-25"]
["조경","식재","식재 부분작업","조-0144","잔디","D300","ton",44,451000,19844000,"(주)대한건설자재","2026-06-23",null,"조경마감팀 담당","2026-04-25"]
["조경","휀스","휀스 부분작업","조-0145","담장","고급형","식",144,818000,117792000,"한일건설자재","2026-05-27",null,"조경마감팀 담당","2026-04-25"]
["조경","조경공사","조경공사 부분작업","조-0146","관목","일반형","m2",493,245000,120785000,"한일건설자재","2026-06-08",null,"조경마감팀 담당","2026-04-25"]
["조경","식재","식재 부분작업","조-0147","느티나무","Type-A","m3",363,804000,291852000,"정원건설","2026-06-19",null,"조경마감팀 담당","2026-04-25"]
["조경","조경공사","조경공사 부분작업","조-0148","조경석","일반형","m2",39,586000,22854000,"태양건설","2026-06-21",null,"조경마감팀 담당","2026-04-25"]
["조경","외부포장","외부포장 부분작업","조-0149","아스콘","일반형","kg",370,119000,44030000,"대성종합건자재","2026-05-09",null,"조경마감팀 담당","2026-04-25"]
["조경","휀스","휀스 부분작업","조-0150","휀스","D300","m3",353,61000,21533000,"한일건설자재","2026-05-30",null,"조경마감팀 담당","2026-04-25"]
["조경","외부포장","외부포장 부분작업","조-0151","경계블록","대형","m3",495,477000,236115000,"정원건설","2026-05-28",null,"조경마감팀 담당","2026-04-25"]
["조경","외부포장","외부포장 부분작업","조-0152","아스콘","Type-A","개",490,9000,4410000,"삼성설비상사","2026-05-06",null,"조경마감팀 담당","2026-04-25"]
["조경","휀스","휀스 부분작업","조-0153","휀스기둥","KS표준","m3",75,786000,58950000,"KCC자재","2026-06-23",null,"조경마감팀 담당","2026-04-25"]
["조경","외부포장","외부포장 부분작업","조-0154","화강석포장","고급형","kg",268,413000,110684000,"한솔건자재","2026-06-07",null,"조경마감팀 담당","2026-04-25"]
["조경","외부포장","외부포장 부분작업","조-0155","경계블록","Type-A","m3",49,78000,3822000,"태양건설","2026-05-25",null,"조경마감팀 담당","2026-04-25"]
["조경","휀스","휀스 부분작업","조-0156","담장","고급형","m2",461,383000,176563000,"현대자재유통","2026-06-28",null,"조경마감팀 담당","2026-04-25"]
["조경","조경공사","조경공사 부분작업","조-0157","교목","일반형","set",202,944000,190688000,"현대자재유통","2026-05-29",null,"조경마감팀 담당","2026-04-25"]
["조경","휀스","휀스 부분작업","조-0158","휀스기둥","Type-A","m3",308,85000,26180000,"KCC자재","2026-06-10",null,"조경마감팀 담당","2026-04-25"]
["조경","휀스","휀스 부분작업","조-0159","휀스기둥","D300","m2",315,615000,193725000,"정원건설","2026-06-03",null,"조경마감팀 담당","2026-04-25"]
["조경","외부포장","외부포장 부분작업","조-0160","아스콘","100x100","m2",450,305000,137250000,"KCC자재","2026-06-29",null,"조경마감팀 담당","2026-04-25"]
["조경","조경공사","조경공사 부분작업","조-0161","교목","150A","m",153,976000,149328000,"(주)대한건설자재","2026-07-01",null,"조경마감팀 담당","2026-04-25"]
["조경","조경공사","조경공사 부분작업","조-0162","조경석","중형","ton",311,5000,1555000,"태양건설","2026-06-05",null,"조경마감팀 담당","2026-04-25"]
["조경","외부포장","외부포장 부분작업","조-0163","화강석포장","100x100","ton",487,619000,301453000,"(주)대한건설자재","2026-05-07",null,"조경마감팀 담당","2026-04-25"]
["조경","식재","식재 부분작업","조-0164","철쭉","D300","개",427,815000,348005000,"대성종합건자재","2026-06-07",null,"조경마감팀 담당","2026-04-25"]
["조경","휀스","휀스 부분작업","조-0165","휀스기둥","일반형","m2",472,458000,216176000,"현대자재유통","2026-06-10",null,"조경마감팀 담당","2026-04-25"]
["조경","식재","식재 부분작업","조-0166","소나무","일반형","m3",372,718000,267096000,"KCC자재","2026-05-16",null,"조경마감팀 담당","2026-04-25"]
["조경","식재","식재 부분작업","조-0167","느티나무","D300","m2",179,543000,97197000,"KCC자재","2026-06-25",null,"조경마감팀 담당","2026-04-25"]
["조경","조경공사","조경공사 부분작업","조-0168","교목","고급형","m3",129,8000,1032000,"한솔건자재","2026-06-11",null,"조경마감팀 담당","2026-04-25"]
["조경","외부포장","외부포장 부분작업","조-0169","아스콘","100x100","kg",328,216000,70848000,"대성종합건자재","2026-06-15",null,"조경마감팀 담당","2026-04-25"]
["조경","외부포장","외부포장 부분작업","조-0170","경계블록","중형","m",220,475000,104500000,"SK에너지자재","2026-06-15",null,"조경마감팀 담당","2026-04-25"]
["조경","식재","식재 부분작업","조-0171","느티나무","KS표준","ton",214,946000,202444000,"(주)대한건설자재","2026-06-21",null,"조경마감팀 담당","2026-04-25"]
["조경","식재","식재 부분작업","조-0172","느티나무","일반형","kg",190,585000,111150000,"삼성설비상사","2026-06-30",null,"조경마감팀 담당","2026-04-25"]
["조경","식재","식재 부분작업","조-0173","잔디","100x100","m",312,893000,278616000,"한일건설자재","2026-06-12",null,"조경마감팀 담당","2026-04-25"]
["조경","휀스","휀스 부분작업","조-0174","휀스","일반형","set",52,426000,22152000,"삼성설비상사","2026-06-23",null,"조경마감팀 담당","2026-04-25"]
["조경","식재","식재 부분작업","조-0175","철쭉","150A","식",347,696000,241512000,"(주)대한건설자재","2026-06-26",null,"조경마감팀 담당","2026-04-25"]
["조경","외부포장","외부포장 부분작업","조-0176","화강석포장","100x100","set",436,604000,263344000,"현대자재유통","2026-06-25",null,"조경마감팀 담당","2026-04-25"]
["조경","식재","식재 부분작업","조-0177","철쭉","KS표준","kg",249,997000,248253000,"정원건설","2026-05-07",null,"조경마감팀 담당","2026-04-25"]
["조경","휀스","휀스 부분작업","조-0178","담장","Type-A","m3",352,196000,68992000,"한일건설자재","2026-06-20",null,"조경마감팀 담당","2026-04-25"]
["조경","식재","식재 부분작업","조-0179","소나무","고급형","kg",479,509000,243811000,"(주)대한건설자재","2026-05-10",null,"조경마감팀 담당","2026-04-25"]
["조경","외부포장","외부포장 부분작업","조-0180","화강석포장","일반형","ton",26,561000,14586000,"태양건설","2026-06-20",null,"조경마감팀 담당","2026-04-25"]
["조경","식재","식재 부분작업","조-0181","철쭉","고급형","m2",462,459000,212058000,"현대자재유통","2026-07-04",null,"조경마감팀 담당","2026-04-25"]
["조경","식재","식재 부분작업","조-0182","철쭉","중형","set",361,488000,176168000,"정원건설","2026-05-13",null,"조경마감팀 담당","2026-04-25"]
["조경","조경공사","조경공사 부분작업","조-0183","관목","일반형","ton",251,319000,80069000,"태양건설","2026-07-01",null,"조경마감팀 담당","2026-04-25"]
["조경","외부포장","외부포장 부분작업","조-0184","아스콘","D300","ton",9,771000,6939000,"(주)대한건설자재","2026-06-09",null,"조경마감팀 담당","2026-04-25"]
["조경","외부포장","외부포장 부분작업","조-0185","화강석포장","Type-B","개",273,123000,33579000,"태양건설","2026-05-04",null,"조경마감팀 담당","2026-04-25"]
["조경","외부포장","외부포장 부분작업","조-0186","아스콘","150A","m2",407,147000,59829000,"SK에너지자재","2026-05-13",null,"조경마감팀 담당","2026-04-25"]
["조경","휀스","휀스 부분작업","조-0187","휀스","대형","kg",43,467000,20081000,"현대자재유통","2026-06-02",null,"조경마감팀 담당","2026-04-25"]
["조경","휀스","휀스 부분작업","조-0188","담장","Type-B","m3",165,946000,156090000,"KCC자재","2026-07-13",null,"조경마감팀 담당","2026-04-25"]
["조경","조경공사","조경공사 부분작업","조-0189","잔디","Type-B","m",309,837000,258633000,"한일건설자재","2026-07-12",null,"조경마감팀 담당","2026-04-25"]
["조경","외부포장","외부포장 부분작업","조-0190","경계블록","KS표준","ton",64,302000,19328000,"정원건설","2026-06-17",null,"조경마감팀 담당","2026-04-25"]
["조경","휀스","휀스 부분작업","조-0191","담장","100x100","ton",313,205000,64165000,"SK에너지자재","2026-07-01",null,"조경마감팀 담당","2026-04-25"]
["조경","외부포장","외부포장 부분작업","조-0192","아스콘","Type-B","식",223,147000,32781000,"태양건설","2026-06-23",null,"조경마감팀 담당","2026-04-25"]
["조경","외부포장","외부포장 부분작업","조-0193","화강석포장","100x100","m3",230,33000,7590000,"한일건설자재","2026-06-13",null,"조경마감팀 담당","2026-04-25"]
["조경","외부포장","외부포장 부분작업","조-0194","아스콘","중형","식",444,937000,416028000,"삼성설비상사","2026-06-19",null,"조경마감팀 담당","2026-04-25"]
["조경","조경공사","조경공사 부분작업","조-0195","잔디","대형","m",58,567000,32886000,"삼성설비상사","2026-05-30",null,"조경마감팀 담당","2026-04-25"]
["조경","휀스","휀스 부분작업","조-0196","휀스","일반형","ton",299,967000,289133000,"대성종합건자재","2026-06-05",null,"조경마감팀 담당","2026-04-25"]
["조경","휀스","휀스 부분작업","조-0197","휀스기둥","Type-A","kg",226,338000,76388000,"(주)대한건설자재","2026-07-22",null,"조경마감팀 담당","2026-04-25"]
["조경","외부포장","외부포장 부분작업","조-0198","화강석포장","100x100","m",481,737000,354497000,"한솔건자재","2026-05-29",null,"조경마감팀 담당","2026-04-25"]
["조경","식재","식재 부분작업","조-0199","철쭉","KS표준","m",316,358000,113128000,"한일건설자재","2026-05-03",null,"조경마감팀 담당","2026-04-25"]
["조경","식재","식재 부분작업","조-0200","철쭉","대형","m3",477,388000,185076000,"정원건설","2026-05-24",null,"조경마감팀 담당","2026-04-25"]
["토목","흙막이","흙막이 부분작업","토-0001","CIP","Type-B","ton",261,169000,44109000,"삼성설비상사","2026-07-01",null,"토목공사팀 담당","2026-04-25"]
["토목","가설공사","가설공사 부분작업","토-0002","가설계단","100x100","ton",129,506000,65274000,"SK에너지자재","2026-06-02",null,"토목공사팀 담당","2026-04-25"]
["토목","흙막이","흙막이 부분작업","토-0003","CIP","일반형","kg",289,398000,115022000,"현대자재유통","2026-05-09",null,"토목공사팀 담당","2026-04-25"]
["토목","지정공사","지정공사 부분작업","토-0004","현장타설말뚝","Type-B","개",355,148000,52540000,"정원건설","2026-06-28",null,"토목공사팀 담당","2026-04-25"]
["토목","가설공사","가설공사 부분작업","토-0005","강관비계","대형","m",291,821000,238911000,"(주)대한건설자재","2026-06-15",null,"토목공사팀 담당","2026-04-25"]
["토목","흙막이","흙막이 부분작업","토-0006","SCW","D300","ton",14,51000,714000,"KCC자재","2026-06-22",null,"토목공사팀 담당","2026-04-25"]
["토목","가설공사","가설공사 부분작업","토-0007","가설계단","Type-B","m",324,144000,46656000,"(주)대한건설자재","2026-06-21",null,"토목공사팀 담당","2026-04-25"]
["토목","가설공사","가설공사 부분작업","토-0008","단관비계","100x100","식",314,219000,68766000,"(주)대한건설자재","2026-06-01",null,"토목공사팀 담당","2026-04-25"]
["토목","가설공사","가설공사 부분작업","토-0009","가설울타리","Type-B","개",232,13000,3016000,"KCC자재","2026-06-07",null,"토목공사팀 담당","2026-04-25"]
["토목","토공사","토공사 부분작업","토-0010","토사반출","KS표준","kg",7,4000,28000,"(주)대한건설자재","2026-06-25",null,"토목공사팀 담당","2026-04-25"]
["토목","지정공사","지정공사 부분작업","토-0011","마이크로파일","D300","m2",188,616000,115808000,"(주)대한건설자재","2026-06-01",null,"토목공사팀 담당","2026-04-25"]
["토목","토공사","토공사 부분작업","토-0012","터파기","일반형","m3",200,298000,59600000,"정원건설","2026-06-19",null,"토목공사팀 담당","2026-04-25"]
["토목","가설공사","가설공사 부분작업","토-0013","가설계단","Type-A","set",167,710000,118570000,"현대자재유통","2026-05-10",null,"토목공사팀 담당","2026-04-25"]
["토목","토공사","토공사 부분작업","토-0014","터파기","중형","ton",68,216000,14688000,"한일건설자재","2026-06-13",null,"토목공사팀 담당","2026-04-25"]
["토목","지정공사","지정공사 부분작업","토-0015","마이크로파일","KS표준","식",145,552000,80040000,"정원건설","2026-06-25",null,"토목공사팀 담당","2026-04-25"]
["토목","토공사","토공사 부분작업","토-0016","터파기","Type-B","개",110,266000,29260000,"(주)대한건설자재","2026-05-19",null,"토목공사팀 담당","2026-04-25"]
["토목","토공사","토공사 부분작업","토-0017","토사반출","일반형","set",61,106000,6466000,"SK에너지자재","2026-05-28",null,"토목공사팀 담당","2026-04-25"]
["토목","지정공사","지정공사 부분작업","토-0018","PHC파일","대형","개",420,895000,375900000,"삼성설비상사","2026-07-17",null,"토목공사팀 담당","2026-04-25"]
["토목","토공사","토공사 부분작업","토-0019","되메우기","KS표준","식",313,193000,60409000,"삼성설비상사","2026-05-17",null,"토목공사팀 담당","2026-04-25"]
["토목","가설공사","가설공사 부분작업","토-0020","가설계단","100x100","set",391,136000,53176000,"한솔건자재","2026-05-17",null,"토목공사팀 담당","2026-04-25"]
["토목","흙막이","흙막이 부분작업","토-0021","H-PILE","Type-A","식",61,598000,36478000,"SK에너지자재","2026-07-14",null,"토목공사팀 담당","2026-04-25"]
["토목","토공사","토공사 부분작업","토-0022","터파기","D300","m2",271,947000,256637000,"한솔건자재","2026-05-12",null,"토목공사팀 담당","2026-04-25"]
["토목","가설공사","가설공사 부분작업","토-0023","강관비계","D300","set",360,404000,145440000,"한일건설자재","2026-06-04",null,"토목공사팀 담당","2026-04-25"]
["토목","지정공사","지정공사 부분작업","토-0024","마이크로파일","중형","set",87,334000,29058000,"한일건설자재","2026-06-22",null,"토목공사팀 담당","2026-04-25"]
["토목","지정공사","지정공사 부분작업","토-0025","마이크로파일","대형","m",170,526000,89420000,"한솔건자재","2026-05-22",null,"토목공사팀 담당","2026-04-25"]
["토목","흙막이","흙막이 부분작업","토-0026","CIP","Type-A","m",115,833000,95795000,"태양건설","2026-05-08",null,"토목공사팀 담당","2026-04-25"]
["토목","지정공사","지정공사 부분작업","토-0027","마이크로파일","중형","kg",476,943000,448868000,"대성종합건자재","2026-07-14",null,"토목공사팀 담당","2026-04-25"]
["토목","가설공사","가설공사 부분작업","토-0028","가설울타리","대형","ton",317,501000,158817000,"KCC자재","2026-05-11",null,"토목공사팀 담당","2026-04-25"]
["토목","토공사","토공사 부분작업","토-0029","되메우기","D300","식",101,530000,53530000,"KCC자재","2026-06-19",null,"토목공사팀 담당","2026-04-25"]
["토목","지정공사","지정공사 부분작업","토-0030","PHC파일","100x100","개",108,314000,33912000,"현대자재유통","2026-05-26",null,"토목공사팀 담당","2026-04-25"]
["토목","지정공사","지정공사 부분작업","토-0031","현장타설말뚝","150A","m",227,763000,173201000,"태양건설","2026-07-23",null,"토목공사팀 담당","2026-04-25"]
["토목","지정공사","지정공사 부분작업","토-0032","PHC파일","중형","ton",469,593000,278117000,"태양건설","2026-06-03",null,"토목공사팀 담당","2026-04-25"]
["토목","가설공사","가설공사 부분작업","토-0033","단관비계","KS표준","set",156,919000,143364000,"한솔건자재","2026-07-14",null,"토목공사팀 담당","2026-04-25"]
["토목","토공사","토공사 부분작업","토-0034","되메우기","중형","개",445,411000,182895000,"태양건설","2026-06-25",null,"토목공사팀 담당","2026-04-25"]
["토목","토공사","토공사 부분작업","토-0035","터파기","고급형","kg",16,341000,5456000,"태양건설","2026-05-05",null,"토목공사팀 담당","2026-04-25"]
["토목","흙막이","흙막이 부분작업","토-0036","SCW","150A","m",110,605000,66550000,"태양건설","2026-06-21",null,"토목공사팀 담당","2026-04-25"]
["토목","흙막이","흙막이 부분작업","토-0037","CIP","KS표준","ton",421,291000,122511000,"정원건설","2026-05-31",null,"토목공사팀 담당","2026-04-25"]
["토목","흙막이","흙막이 부분작업","토-0038","SCW","D300","ton",92,644000,59248000,"현대자재유통","2026-07-19",null,"토목공사팀 담당","2026-04-25"]
["토목","흙막이","흙막이 부분작업","토-0039","CIP","Type-A","식",326,860000,280360000,"SK에너지자재","2026-06-22",null,"토목공사팀 담당","2026-04-25"]
["토목","토공사","토공사 부분작업","토-0040","토사반출","고급형","kg",277,537000,148749000,"태양건설","2026-06-05",null,"토목공사팀 담당","2026-04-25"]
["토목","지정공사","지정공사 부분작업","토-0041","마이크로파일","150A","ton",156,540000,84240000,"한솔건자재","2026-06-28",null,"토목공사팀 담당","2026-04-25"]
["토목","흙막이","흙막이 부분작업","토-0042","스트럿","Type-A","m2",494,502000,247988000,"한솔건자재","2026-05-05",null,"토목공사팀 담당","2026-04-25"]
["토목","토공사","토공사 부분작업","토-0043","토사반출","150A","m3",203,2000,406000,"정원건설","2026-06-09",null,"토목공사팀 담당","2026-04-25"]
["토목","토공사","토공사 부분작업","토-0044","되메우기","중형","m2",48,189000,9072000,"KCC자재","2026-06-09",null,"토목공사팀 담당","2026-04-25"]
["토목","지정공사","지정공사 부분작업","토-0045","현장타설말뚝","대형","ton",473,883000,417659000,"태양건설","2026-06-24",null,"토목공사팀 담당","2026-04-25"]
["토목","흙막이","흙막이 부분작업","토-0046","SCW","Type-B","개",55,904000,49720000,"태양건설","2026-07-17",null,"토목공사팀 담당","2026-04-25"]
["토목","가설공사","가설공사 부분작업","토-0047","단관비계","KS표준","ton",187,110000,20570000,"(주)대한건설자재","2026-06-25",null,"토목공사팀 담당","2026-04-25"]
["토목","가설공사","가설공사 부분작업","토-0048","가설계단","일반형","kg",413,399000,164787000,"한일건설자재","2026-05-12",null,"토목공사팀 담당","2026-04-25"]
["토목","토공사","토공사 부분작업","토-0049","되메우기","일반형","개",1,651000,651000,"(주)대한건설자재","2026-06-15",null,"토목공사팀 담당","2026-04-25"]
["토목","흙막이","흙막이 부분작업","토-0050","H-PILE","대형","set",338,889000,300482000,"SK에너지자재","2026-06-04",null,"토목공사팀 담당","2026-04-25"]
["토목","지정공사","지정공사 부분작업","토-0051","마이크로파일","중형","set",405,663000,268515000,"(주)대한건설자재","2026-07-07",null,"토목공사팀 담당","2026-04-25"]
["토목","지정공사","지정공사 부분작업","토-0052","PHC파일","중형","식",483,806000,389298000,"한솔건자재","2026-06-07",null,"토목공사팀 담당","2026-04-25"]
["토목","가설공사","가설공사 부분작업","토-0053","단관비계","KS표준","kg",180,575000,103500000,"정원건설","2026-07-17",null,"토목공사팀 담당","2026-04-25"]
["토목","지정공사","지정공사 부분작업","토-0054","현장타설말뚝","대형","kg",195,104000,20280000,"정원건설","2026-05-12",null,"토목공사팀 담당","2026-04-25"]
["토목","흙막이","흙막이 부분작업","토-0055","스트럿","D300","개",277,657000,181989000,"SK에너지자재","2026-05-12",null,"토목공사팀 담당","2026-04-25"]
["토목","흙막이","흙막이 부분작업","토-0056","CIP","일반형","ton",232,382000,88624000,"한일건설자재","2026-07-22",null,"토목공사팀 담당","2026-04-25"]
["토목","토공사","토공사 부분작업","토-0057","터파기","대형","m2",309,532000,164388000,"(주)대한건설자재","2026-05-25",null,"토목공사팀 담당","2026-04-25"]
["토목","지정공사","지정공사 부분작업","토-0058","마이크로파일","대형","set",158,239000,37762000,"대성종합건자재","2026-07-09",null,"토목공사팀 담당","2026-04-25"]
["토목","가설공사","가설공사 부분작업","토-0059","가설계단","대형","m2",419,783000,328077000,"한솔건자재","2026-05-22",null,"토목공사팀 담당","2026-04-25"]
["토목","가설공사","가설공사 부분작업","토-0060","가설울타리","100x100","m3",230,765000,175950000,"대성종합건자재","2026-06-27",null,"토목공사팀 담당","2026-04-25"]
["토목","토공사","토공사 부분작업","토-0061","토사반출","Type-A","개",55,494000,27170000,"한일건설자재","2026-05-31",null,"토목공사팀 담당","2026-04-25"]
["토목","흙막이","흙막이 부분작업","토-0062","CIP","150A","식",387,353000,136611000,"한솔건자재","2026-07-20",null,"토목공사팀 담당","2026-04-25"]
["토목","토공사","토공사 부분작업","토-0063","뒷채움","150A","m2",277,111000,30747000,"현대자재유통","2026-07-17",null,"토목공사팀 담당","2026-04-25"]
["토목","흙막이","흙막이 부분작업","토-0064","H-PILE","Type-A","m2",455,430000,195650000,"한솔건자재","2026-05-11",null,"토목공사팀 담당","2026-04-25"]
["토목","가설공사","가설공사 부분작업","토-0065","가설울타리","Type-B","set",50,295000,14750000,"KCC자재","2026-06-02",null,"토목공사팀 담당","2026-04-25"]
["토목","토공사","토공사 부분작업","토-0066","터파기","150A","ton",315,263000,82845000,"대성종합건자재","2026-06-14",null,"토목공사팀 담당","2026-04-25"]
["토목","흙막이","흙막이 부분작업","토-0067","SCW","100x100","ton",242,45000,10890000,"현대자재유통","2026-05-16",null,"토목공사팀 담당","2026-04-25"]
["토목","가설공사","가설공사 부분작업","토-0068","가설울타리","대형","m",445,36000,16020000,"대성종합건자재","2026-05-05",null,"토목공사팀 담당","2026-04-25"]
["토목","가설공사","가설공사 부분작업","토-0069","강관비계","Type-B","m3",336,866000,290976000,"한솔건자재","2026-05-05",null,"토목공사팀 담당","2026-04-25"]
["토목","지정공사","지정공사 부분작업","토-0070","마이크로파일","100x100","개",63,989000,62307000,"삼성설비상사","2026-05-12",null,"토목공사팀 담당","2026-04-25"]
["토목","가설공사","가설공사 부분작업","토-0071","강관비계","KS표준","ton",78,649000,50622000,"태양건설","2026-06-06",null,"토목공사팀 담당","2026-04-25"]
["토목","흙막이","흙막이 부분작업","토-0072","H-PILE","KS표준","set",284,356000,101104000,"대성종합건자재","2026-06-13",null,"토목공사팀 담당","2026-04-25"]
["토목","지정공사","지정공사 부분작업","토-0073","PHC파일","대형","m3",55,904000,49720000,"한솔건자재","2026-06-09",null,"토목공사팀 담당","2026-04-25"]
["토목","가설공사","가설공사 부분작업","토-0074","가설울타리","중형","m3",89,48000,4272000,"(주)대한건설자재","2026-05-21",null,"토목공사팀 담당","2026-04-25"]
["토목","흙막이","흙막이 부분작업","토-0075","CIP","Type-A","kg",442,193000,85306000,"한솔건자재","2026-05-19",null,"토목공사팀 담당","2026-04-25"]
["토목","흙막이","흙막이 부분작업","토-0076","SCW","Type-A","ton",72,976000,70272000,"대성종합건자재","2026-05-19",null,"토목공사팀 담당","2026-04-25"]
["토목","토공사","토공사 부분작업","토-0077","토사반출","100x100","ton",349,710000,247790000,"(주)대한건설자재","2026-06-01",null,"토목공사팀 담당","2026-04-25"]
["토목","흙막이","흙막이 부분작업","토-0078","SCW","Type-A","set",19,46000,874000,"삼성설비상사","2026-05-04",null,"토목공사팀 담당","2026-04-25"]
["토목","토공사","토공사 부분작업","토-0079","터파기","KS표준","set",131,675000,88425000,"태양건설","2026-07-10",null,"토목공사팀 담당","2026-04-25"]
["토목","가설공사","가설공사 부분작업","토-0080","강관비계","일반형","m2",207,691000,143037000,"SK에너지자재","2026-07-09",null,"토목공사팀 담당","2026-04-25"]
["토목","토공사","토공사 부분작업","토-0081","토사반출","Type-B","kg",4,870000,3480000,"한일건설자재","2026-05-19",null,"토목공사팀 담당","2026-04-25"]
["토목","흙막이","흙막이 부분작업","토-0082","H-PILE","Type-A","ton",372,960000,357120000,"현대자재유통","2026-06-01",null,"토목공사팀 담당","2026-04-25"]
["토목","토공사","토공사 부분작업","토-0083","되메우기","일반형","식",5,513000,2565000,"정원건설","2026-07-02",null,"토목공사팀 담당","2026-04-25"]
["토목","가설공사","가설공사 부분작업","토-0084","강관비계","150A","m3",269,632000,170008000,"정원건설","2026-06-15",null,"토목공사팀 담당","2026-04-25"]
["토목","흙막이","흙막이 부분작업","토-0085","CIP","중형","식",440,437000,192280000,"(주)대한건설자재","2026-06-20",null,"토목공사팀 담당","2026-04-25"]
["토목","지정공사","지정공사 부분작업","토-0086","현장타설말뚝","중형","m3",44,429000,18876000,"(주)대한건설자재","2026-05-10",null,"토목공사팀 담당","2026-04-25"]
["토목","지정공사","지정공사 부분작업","토-0087","마이크로파일","Type-A","set",494,663000,327522000,"한솔건자재","2026-05-22",null,"토목공사팀 담당","2026-04-25"]
["토목","토공사","토공사 부분작업","토-0088","토사반출","일반형","kg",378,918000,347004000,"태양건설","2026-07-20",null,"토목공사팀 담당","2026-04-25"]
["토목","가설공사","가설공사 부분작업","토-0089","가설계단","Type-A","개",396,541000,214236000,"대성종합건자재","2026-05-05",null,"토목공사팀 담당","2026-04-25"]
["토목","가설공사","가설공사 부분작업","토-0090","가설울타리","KS표준","ton",69,416000,28704000,"태양건설","2026-05-27",null,"토목공사팀 담당","2026-04-25"]
["토목","가설공사","가설공사 부분작업","토-0091","가설울타리","대형","식",361,996000,359556000,"한일건설자재","2026-06-29",null,"토목공사팀 담당","2026-04-25"]
["토목","지정공사","지정공사 부분작업","토-0092","PHC파일","KS표준","m2",180,218000,39240000,"한솔건자재","2026-05-04",null,"토목공사팀 담당","2026-04-25"]
["토목","토공사","토공사 부분작업","토-0093","터파기","150A","개",304,980000,297920000,"SK에너지자재","2026-06-01",null,"토목공사팀 담당","2026-04-25"]
["토목","지정공사","지정공사 부분작업","토-0094","현장타설말뚝","일반형","set",480,568000,272640000,"현대자재유통","2026-05-05",null,"토목공사팀 담당","2026-04-25"]
["토목","지정공사","지정공사 부분작업","토-0095","마이크로파일","Type-B","식",102,932000,95064000,"삼성설비상사","2026-07-05",null,"토목공사팀 담당","2026-04-25"]
["토목","가설공사","가설공사 부분작업","토-0096","단관비계","100x100","kg",183,36000,6588000,"태양건설","2026-05-19",null,"토목공사팀 담당","2026-04-25"]
["토목","흙막이","흙막이 부분작업","토-0097","CIP","고급형","식",332,618000,205176000,"KCC자재","2026-05-11",null,"토목공사팀 담당","2026-04-25"]
["토목","토공사","토공사 부분작업","토-0098","뒷채움","대형","kg",236,665000,156940000,"KCC자재","2026-05-21",null,"토목공사팀 담당","2026-04-25"]
["토목","가설공사","가설공사 부분작업","토-0099","가설울타리","D300","m3",253,90000,22770000,"한솔건자재","2026-05-15",null,"토목공사팀 담당","2026-04-25"]
["토목","지정공사","지정공사 부분작업","토-0100","현장타설말뚝","D300","m2",335,446000,149410000,"정원건설","2026-05-24",null,"토목공사팀 담당","2026-04-25"]
["토목","토공사","토공사 부분작업","토-0101","되메우기","KS표준","m",207,386000,79902000,"SK에너지자재","2026-05-14",null,"토목공사팀 담당","2026-04-25"]
["토목","흙막이","흙막이 부분작업","토-0102","CIP","150A","kg",254,384000,97536000,"SK에너지자재","2026-07-10",null,"토목공사팀 담당","2026-04-25"]
["토목","가설공사","가설공사 부분작업","토-0103","강관비계","대형","ton",177,85000,15045000,"KCC자재","2026-05-17",null,"토목공사팀 담당","2026-04-25"]
["토목","지정공사","지정공사 부분작업","토-0104","현장타설말뚝","150A","식",46,206000,9476000,"대성종합건자재","2026-05-23",null,"토목공사팀 담당","2026-04-25"]
["토목","가설공사","가설공사 부분작업","토-0105","가설울타리","일반형","ton",31,460000,14260000,"한솔건자재","2026-06-07",null,"토목공사팀 담당","2026-04-25"]
["토목","흙막이","흙막이 부분작업","토-0106","H-PILE","고급형","set",22,977000,21494000,"태양건설","2026-07-07",null,"토목공사팀 담당","2026-04-25"]
["토목","흙막이","흙막이 부분작업","토-0107","CIP","고급형","m3",201,767000,154167000,"정원건설","2026-05-11",null,"토목공사팀 담당","2026-04-25"]
["토목","토공사","토공사 부분작업","토-0108","뒷채움","D300","m2",425,681000,289425000,"(주)대한건설자재","2026-07-12",null,"토목공사팀 담당","2026-04-25"]
["토목","지정공사","지정공사 부분작업","토-0109","현장타설말뚝","100x100","m",365,149000,54385000,"KCC자재","2026-07-15",null,"토목공사팀 담당","2026-04-25"]
["토목","흙막이","흙막이 부분작업","토-0110","SCW","150A","kg",278,794000,220732000,"현대자재유통","2026-07-12",null,"토목공사팀 담당","2026-04-25"]
["토목","흙막이","흙막이 부분작업","토-0111","CIP","100x100","m2",35,846000,29610000,"한솔건자재","2026-06-19",null,"토목공사팀 담당","2026-04-25"]
["토목","흙막이","흙막이 부분작업","토-0112","H-PILE","Type-A","식",5,411000,2055000,"한일건설자재","2026-05-08",null,"토목공사팀 담당","2026-04-25"]
["토목","흙막이","흙막이 부분작업","토-0113","스트럿","중형","m",239,291000,69549000,"(주)대한건설자재","2026-06-13",null,"토목공사팀 담당","2026-04-25"]
["토목","가설공사","가설공사 부분작업","토-0114","단관비계","100x100","kg",147,99000,14553000,"한일건설자재","2026-07-08",null,"토목공사팀 담당","2026-04-25"]
["토목","흙막이","흙막이 부분작업","토-0115","CIP","중형","개",323,658000,212534000,"KCC자재","2026-05-26",null,"토목공사팀 담당","2026-04-25"]
["토목","지정공사","지정공사 부분작업","토-0116","PHC파일","KS표준","ton",295,137000,40415000,"한솔건자재","2026-07-10",null,"토목공사팀 담당","2026-04-25"]
["토목","토공사","토공사 부분작업","토-0117","뒷채움","고급형","set",14,892000,12488000,"SK에너지자재","2026-05-06",null,"토목공사팀 담당","2026-04-25"]
["토목","흙막이","흙막이 부분작업","토-0118","H-PILE","중형","kg",244,60000,14640000,"삼성설비상사","2026-05-12",null,"토목공사팀 담당","2026-04-25"]
["토목","흙막이","흙막이 부분작업","토-0119","SCW","대형","m2",169,466000,78754000,"대성종합건자재","2026-07-07",null,"토목공사팀 담당","2026-04-25"]
["토목","토공사","토공사 부분작업","토-0120","뒷채움","150A","m3",78,882000,68796000,"정원건설","2026-07-04",null,"토목공사팀 담당","2026-04-25"]
["토목","흙막이","흙막이 부분작업","토-0121","스트럿","100x100","set",368,672000,247296000,"KCC자재","2026-06-02",null,"토목공사팀 담당","2026-04-25"]
["토목","가설공사","가설공사 부분작업","토-0122","단관비계","고급형","개",78,953000,74334000,"한솔건자재","2026-07-14",null,"토목공사팀 담당","2026-04-25"]
["토목","가설공사","가설공사 부분작업","토-0123","강관비계","중형","kg",383,469000,179627000,"대성종합건자재","2026-06-17",null,"토목공사팀 담당","2026-04-25"]
["토목","흙막이","흙막이 부분작업","토-0124","CIP","고급형","m3",291,817000,237747000,"한솔건자재","2026-07-05",null,"토목공사팀 담당","2026-04-25"]
["토목","흙막이","흙막이 부분작업","토-0125","SCW","중형","set",146,394000,57524000,"SK에너지자재","2026-05-28",null,"토목공사팀 담당","2026-04-25"]
["토목","지정공사","지정공사 부분작업","토-0126","PHC파일","고급형","m",6,310000,1860000,"태양건설","2026-07-18",null,"토목공사팀 담당","2026-04-25"]
["토목","토공사","토공사 부분작업","토-0127","터파기","KS표준","ton",340,80000,27200000,"(주)대한건설자재","2026-07-13",null,"토목공사팀 담당","2026-04-25"]
["토목","가설공사","가설공사 부분작업","토-0128","가설계단","D300","ton",334,222000,74148000,"KCC자재","2026-06-03",null,"토목공사팀 담당","2026-04-25"]
["토목","흙막이","흙막이 부분작업","토-0129","H-PILE","고급형","m2",231,853000,197043000,"한일건설자재","2026-05-20",null,"토목공사팀 담당","2026-04-25"]
["토목","지정공사","지정공사 부분작업","토-0130","마이크로파일","중형","kg",125,175000,21875000,"한일건설자재","2026-06-25",null,"토목공사팀 담당","2026-04-25"]
["토목","가설공사","가설공사 부분작업","토-0131","가설계단","일반형","ton",434,756000,328104000,"(주)대한건설자재","2026-06-14",null,"토목공사팀 담당","2026-04-25"]
["토목","흙막이","흙막이 부분작업","토-0132","스트럿","D300","개",231,206000,47586000,"태양건설","2026-07-02",null,"토목공사팀 담당","2026-04-25"]
["토목","지정공사","지정공사 부분작업","토-0133","PHC파일","대형","m",397,234000,92898000,"대성종합건자재","2026-07-07",null,"토목공사팀 담당","2026-04-25"]
["토목","흙막이","흙막이 부분작업","토-0134","H-PILE","고급형","kg",103,224000,23072000,"태양건설","2026-07-12",null,"토목공사팀 담당","2026-04-25"]
["토목","토공사","토공사 부분작업","토-0135","뒷채움","Type-B","m3",157,647000,101579000,"한일건설자재","2026-06-01",null,"토목공사팀 담당","2026-04-25"]
["토목","지정공사","지정공사 부분작업","토-0136","마이크로파일","100x100","kg",464,506000,234784000,"KCC자재","2026-06-05",null,"토목공사팀 담당","2026-04-25"]
["토목","가설공사","가설공사 부분작업","토-0137","가설울타리","고급형","m2",488,212000,103456000,"한솔건자재","2026-06-26",null,"토목공사팀 담당","2026-04-25"]
["토목","가설공사","가설공사 부분작업","토-0138","단관비계","중형","ton",119,305000,36295000,"SK에너지자재","2026-06-13",null,"토목공사팀 담당","2026-04-25"]
["토목","가설공사","가설공사 부분작업","토-0139","단관비계","150A","ton",463,50000,23150000,"대성종합건자재","2026-06-16",null,"토목공사팀 담당","2026-04-25"]
["토목","지정공사","지정공사 부분작업","토-0140","마이크로파일","중형","kg",277,624000,172848000,"한솔건자재","2026-05-29",null,"토목공사팀 담당","2026-04-25"]
["토목","가설공사","가설공사 부분작업","토-0141","가설울타리","Type-A","개",319,207000,66033000,"한솔건자재","2026-06-08",null,"토목공사팀 담당","2026-04-25"]
["토목","흙막이","흙막이 부분작업","토-0142","스트럿","고급형","ton",169,369000,62361000,"현대자재유통","2026-05-24",null,"토목공사팀 담당","2026-04-25"]
["토목","가설공사","가설공사 부분작업","토-0143","가설계단","고급형","kg",43,577000,24811000,"대성종합건자재","2026-05-17",null,"토목공사팀 담당","2026-04-25"]
["토목","가설공사","가설공사 부분작업","토-0144","강관비계","100x100","ton",225,60000,13500000,"현대자재유통","2026-07-22",null,"토목공사팀 담당","2026-04-25"]
["토목","지정공사","지정공사 부분작업","토-0145","PHC파일","D300","ton",375,245000,91875000,"한솔건자재","2026-07-06",null,"토목공사팀 담당","2026-04-25"]
["토목","지정공사","지정공사 부분작업","토-0146","마이크로파일","일반형","m",31,226000,7006000,"삼성설비상사","2026-07-19",null,"토목공사팀 담당","2026-04-25"]
["토목","토공사","토공사 부분작업","토-0147","토사반출","고급형","m2",388,9000,3492000,"삼성설비상사","2026-06-02",null,"토목공사팀 담당","2026-04-25"]
["토목","토공사","토공사 부분작업","토-0148","뒷채움","Type-A","m3",53,738000,39114000,"(주)대한건설자재","2026-05-31",null,"토목공사팀 담당","2026-04-25"]
["토목","가설공사","가설공사 부분작업","토-0149","가설계단","100x100","m",90,988000,88920000,"한일건설자재","2026-06-06",null,"토목공사팀 담당","2026-04-25"]
["토목","가설공사","가설공사 부분작업","토-0150","가설울타리","대형","개",402,173000,69546000,"현대자재유통","2026-06-10",null,"토목공사팀 담당","2026-04-25"]
["토목","가설공사","가설공사 부분작업","토-0151","단관비계","일반형","set",463,730000,337990000,"삼성설비상사","2026-05-21",null,"토목공사팀 담당","2026-04-25"]
["토목","지정공사","지정공사 부분작업","토-0152","현장타설말뚝","중형","m2",432,281000,121392000,"태양건설","2026-06-07",null,"토목공사팀 담당","2026-04-25"]
["토목","토공사","토공사 부분작업","토-0153","터파기","중형","개",129,837000,107973000,"KCC자재","2026-06-30",null,"토목공사팀 담당","2026-04-25"]
["토목","흙막이","흙막이 부분작업","토-0154","CIP","100x100","식",165,138000,22770000,"한일건설자재","2026-06-07",null,"토목공사팀 담당","2026-04-25"]
["토목","지정공사","지정공사 부분작업","토-0155","마이크로파일","대형","set",151,41000,6191000,"대성종합건자재","2026-07-04",null,"토목공사팀 담당","2026-04-25"]
["토목","흙막이","흙막이 부분작업","토-0156","H-PILE","150A","m",229,130000,29770000,"한일건설자재","2026-05-02",null,"토목공사팀 담당","2026-04-25"]
["토목","가설공사","가설공사 부분작업","토-0157","강관비계","150A","m2",173,79000,13667000,"삼성설비상사","2026-07-23",null,"토목공사팀 담당","2026-04-25"]
["토목","흙막이","흙막이 부분작업","토-0158","스트럿","100x100","ton",318,491000,156138000,"한솔건자재","2026-06-19",null,"토목공사팀 담당","2026-04-25"]
["토목","가설공사","가설공사 부분작업","토-0159","강관비계","중형","set",262,728000,190736000,"현대자재유통","2026-07-18",null,"토목공사팀 담당","2026-04-25"]
["토목","가설공사","가설공사 부분작업","토-0160","단관비계","D300","m3",95,397000,37715000,"삼성설비상사","2026-07-10",null,"토목공사팀 담당","2026-04-25"]
["토목","가설공사","가설공사 부분작업","토-0161","단관비계","고급형","개",496,191000,94736000,"(주)대한건설자재","2026-05-14",null,"토목공사팀 담당","2026-04-25"]
["토목","지정공사","지정공사 부분작업","토-0162","현장타설말뚝","대형","m3",26,209000,5434000,"현대자재유통","2026-05-27",null,"토목공사팀 담당","2026-04-25"]
["토목","가설공사","가설공사 부분작업","토-0163","강관비계","KS표준","m",485,602000,291970000,"대성종합건자재","2026-06-25",null,"토목공사팀 담당","2026-04-25"]
["토목","가설공사","가설공사 부분작업","토-0164","단관비계","Type-A","m",413,695000,287035000,"한솔건자재","2026-07-22",null,"토목공사팀 담당","2026-04-25"]
["토목","가설공사","가설공사 부분작업","토-0165","강관비계","KS표준","m3",78,803000,62634000,"한일건설자재","2026-05-05",null,"토목공사팀 담당","2026-04-25"]
["토목","가설공사","가설공사 부분작업","토-0166","단관비계","중형","kg",79,560000,44240000,"한솔건자재","2026-07-05",null,"토목공사팀 담당","2026-04-25"]
["토목","지정공사","지정공사 부분작업","토-0167","마이크로파일","Type-B","개",129,900000,116100000,"한솔건자재","2026-06-16",null,"토목공사팀 담당","2026-04-25"]
["토목","흙막이","흙막이 부분작업","토-0168","CIP","중형","kg",397,807000,320379000,"SK에너지자재","2026-07-23",null,"토목공사팀 담당","2026-04-25"]
["토목","흙막이","흙막이 부분작업","토-0169","CIP","Type-A","set",68,573000,38964000,"현대자재유통","2026-05-05",null,"토목공사팀 담당","2026-04-25"]
["토목","가설공사","가설공사 부분작업","토-0170","단관비계","150A","set",169,722000,122018000,"대성종합건자재","2026-06-14",null,"토목공사팀 담당","2026-04-25"]
["토목","흙막이","흙막이 부분작업","토-0171","SCW","100x100","set",8,688000,5504000,"KCC자재","2026-06-17",null,"토목공사팀 담당","2026-04-25"]
["토목","흙막이","흙막이 부분작업","토-0172","스트럿","고급형","m2",398,807000,321186000,"삼성설비상사","2026-05-18",null,"토목공사팀 담당","2026-04-25"]
["토목","토공사","토공사 부분작업","토-0173","터파기","일반형","m3",217,973000,211141000,"태양건설","2026-06-01",null,"토목공사팀 담당","2026-04-25"]
["토목","흙막이","흙막이 부분작업","토-0174","H-PILE","D300","ton",274,905000,247970000,"삼성설비상사","2026-07-13",null,"토목공사팀 담당","2026-04-25"]
["토목","토공사","토공사 부분작업","토-0175","뒷채움","대형","ton",234,441000,103194000,"정원건설","2026-05-23",null,"토목공사팀 담당","2026-04-25"]
["토목","흙막이","흙막이 부분작업","토-0176","H-PILE","대형","m3",309,687000,212283000,"삼성설비상사","2026-06-26",null,"토목공사팀 담당","2026-04-25"]
["토목","가설공사","가설공사 부분작업","토-0177","단관비계","중형","개",452,917000,414484000,"(주)대한건설자재","2026-06-01",null,"토목공사팀 담당","2026-04-25"]
["토목","지정공사","지정공사 부분작업","토-0178","PHC파일","150A","m",23,573000,13179000,"(주)대한건설자재","2026-06-01",null,"토목공사팀 담당","2026-04-25"]
["토목","가설공사","가설공사 부분작업","토-0179","단관비계","100x100","m",182,67000,12194000,"KCC자재","2026-05-21",null,"토목공사팀 담당","2026-04-25"]
["토목","흙막이","흙막이 부분작업","토-0180","H-PILE","Type-A","kg",173,42000,7266000,"KCC자재","2026-05-10",null,"토목공사팀 담당","2026-04-25"]
["토목","지정공사","지정공사 부분작업","토-0181","PHC파일","150A","m2",311,132000,41052000,"정원건설","2026-05-24",null,"토목공사팀 담당","2026-04-25"]
["토목","가설공사","가설공사 부분작업","토-0182","강관비계","Type-B","m2",170,609000,103530000,"삼성설비상사","2026-05-25",null,"토목공사팀 담당","2026-04-25"]
["토목","토공사","토공사 부분작업","토-0183","뒷채움","Type-A","m3",205,923000,189215000,"SK에너지자재","2026-07-06",null,"토목공사팀 담당","2026-04-25"]
["토목","가설공사","가설공사 부분작업","토-0184","가설계단","100x100","m",99,229000,22671000,"(주)대한건설자재","2026-07-17",null,"토목공사팀 담당","2026-04-25"]
["토목","가설공사","가설공사 부분작업","토-0185","가설계단","D300","개",135,611000,82485000,"KCC자재","2026-05-17",null,"토목공사팀 담당","2026-04-25"]
["토목","가설공사","가설공사 부분작업","토-0186","가설계단","150A","m",427,239000,102053000,"한솔건자재","2026-06-26",null,"토목공사팀 담당","2026-04-25"]
["토목","토공사","토공사 부분작업","토-0187","뒷채움","고급형","개",379,215000,81485000,"태양건설","2026-06-10",null,"토목공사팀 담당","2026-04-25"]
["토목","흙막이","흙막이 부분작업","토-0188","스트럿","KS표준","m3",171,622000,106362000,"(주)대한건설자재","2026-05-14",null,"토목공사팀 담당","2026-04-25"]
["토목","토공사","토공사 부분작업","토-0189","뒷채움","Type-B","m",318,137000,43566000,"(주)대한건설자재","2026-07-19",null,"토목공사팀 담당","2026-04-25"]
["토목","가설공사","가설공사 부분작업","토-0190","단관비계","D300","m2",494,27000,13338000,"정원건설","2026-05-16",null,"토목공사팀 담당","2026-04-25"]
["토목","가설공사","가설공사 부분작업","토-0191","강관비계","150A","kg",461,929000,428269000,"현대자재유통","2026-05-02",null,"토목공사팀 담당","2026-04-25"]
["토목","토공사","토공사 부분작업","토-0192","뒷채움","중형","kg",315,173000,54495000,"한솔건자재","2026-06-11",null,"토목공사팀 담당","2026-04-25"]
["토목","지정공사","지정공사 부분작업","토-0193","PHC파일","Type-A","m3",483,561000,270963000,"(주)대한건설자재","2026-05-19",null,"토목공사팀 담당","2026-04-25"]
["토목","토공사","토공사 부분작업","토-0194","되메우기","Type-B","식",395,278000,109810000,"대성종합건자재","2026-06-23",null,"토목공사팀 담당","2026-04-25"]
["토목","지정공사","지정공사 부분작업","토-0195","현장타설말뚝","D300","ton",310,323000,100130000,"삼성설비상사","2026-05-13",null,"토목공사팀 담당","2026-04-25"]
["토목","토공사","토공사 부분작업","토-0196","토사반출","100x100","ton",361,259000,93499000,"SK에너지자재","2026-05-29",null,"토목공사팀 담당","2026-04-25"]
["토목","지정공사","지정공사 부분작업","토-0197","현장타설말뚝","KS표준","ton",403,360000,145080000,"삼성설비상사","2026-06-19",null,"토목공사팀 담당","2026-04-25"]
["토목","지정공사","지정공사 부분작업","토-0198","PHC파일","KS표준","m3",175,498000,87150000,"삼성설비상사","2026-05-05",null,"토목공사팀 담당","2026-04-25"]
["토목","지정공사","지정공사 부분작업","토-0199","PHC파일","Type-B","kg",371,629000,233359000,"한솔건자재","2026-06-20",null,"토목공사팀 담당","2026-04-25"]
["토목","가설공사","가설공사 부분작업","토-0200","단관비계","KS표준","식",269,895000,240755000,"대성종합건자재","2026-05-16",null,"토목공사팀 담당","2026-04-25"]

{"sheet":"집계자동화","index":1,"n_rows":43,"n_cols":2,"rows_kept":43,"cut":false,"hidden":false,"merged":[]}
["[대분류별 금액 합계]"]
["대분류","금액 합계"]
["건축",23443451000]
["설비",27644434000]
["전기",22513850000]
["조경",27109522000]
["토목",23142224000]
[]
["[중분류별 금액 합계]"]
["중분류","금액 합계"]
["골조공사",6502292000]
["마감공사",6752825000]
["조적공사",4134659000]
["미장공사",6053675000]
["위생설비",8053837000]
["기계설비",7104320000]
["공조",5699438000]
["소방",6786839000]
["약전",6233210000]
["통신공사",7294796000]
["전기공사",4870368000]
["조명",4115476000]
["휀스",6322683000]
["식재",7470344000]
["조경공사",8541910000]
["외부포장",4774585000]
["흙막이",6287165000]
["가설공사",7184715000]
["지정공사",5776849000]
["토공사",3893495000]
[]
["[공급업체별 금액 합계]"]
["공급업체","금액 합계"]
["한솔건자재",14286507000]
["KCC자재",11992970000]
["한일건설자재",12323420000]
["(주)대한건설자재",15155733000]
["삼성설비상사",14168343000]
["태양건설",10984389000]
["SK에너지자재",9508236000]
["현대자재유통",9679275000]
["대성종합건자재",13756093000]
["정원건설",11998515000]

{"sheet":"그래프자동화","index":2,"n_rows":0,"n_cols":0,"rows_kept":0,"cut":false,"hidden":false,"merged":[]}